Twenty One Pilots - Random Lyrics Quiz - Statistics

General Stats
  • This quiz has been taken 978 times
    785 since last reset
  • The average score is 6 of 10
Answer Stats
Lyrics Song % Correct
The air begins to feel a little thin A Car, a Torch, a Death
100%
As I start the car and then I begin A Car, a Torch, a Death
100%
I want to crack the door so I can just fall out A Car, a Torch, a Death
100%
I knew my skin that wrapped my frame A Car, a Torch, a Death
100%
'Cause it's all that I have and it's all that I need Addict With a Pen
100%
And the waves of the water mean nothing to me Addict With a Pen
100%
I'm just bein' dramatic, in fact, I'm only at it again Addict With a Pen
100%
As an addict with a pen who's addicted to the wind Addict With a Pen
100%
You've stolen my air catcher that kept me safe and sound Air Catcher
100%
But now my cord's not workin' and I see you staring me down Air Catcher
100%
I won't fall in love with fallin' Air Catcher
100%
And the moon just happened to be the very first thing that I missed Air Catcher
100%
You will never know what's under my skin Anathema
100%
And it's said that a war's lead but I forget that I let another day go by Anathema
100%
Don't have to drop by, nothing you can do this time At The Risk Of Feeling Dumb
100%
Ride around 270 in Kawasaki tees At The Risk Of Feeling Dumb
100%
'Bout you sleeping so close to a weapon you conceal, man At The Risk Of Feeling Dumb
100%
I know that it's a risk saying this, don't fight me At The Risk Of Feeling Dumb
100%
I don't wanna backslide to where I've started from Backslide
100%
I should've loved you better Backslide
100%
Is that a stain? You should change Backslide
100%
Now I'm drowning in logistics Backslide
100%
I could take the high road Bandito
100%
I'm a bandito Bandito
100%
This is the sound we make Bandito
100%
In city, I feel my spirit is contained Bandito
100%
Sahlo Folina Bandito
100%
Destroy it if I want so I sing Sahlo Folina Bandito
100%
And start your day Before You Start Your Day
100%
Come to the house, man Bounce Man
100%
I'll let my old lady know Bounce Man
100%
Then you head to Mexico Bounce Man
100%
Oh boy, what'd you do? Bounce Man
100%
I'll know you must have crossed state lines Bounce Man
100%
if you could get me a drink Cancer
100%
Of water 'cause my lips are chapped and faded Cancer
100%
I will not kiss you Cancer
100%
'Cause the hardest part of this is leaving you Cancer
100%
Know that I will never marry Cancer
100%
I ponder of something great Car Radio
100%
My lungs will fill and then deflate Car Radio
100%
They fill with fire, exhale desire Car Radio
100%
I have these thoughts so often, I ought Car Radio
100%
And now I just sit in silence Car Radio
100%
Sometimes quiet is violent Car Radio
100%
I find it hard to hide it, my pride is no longer inside Car Radio
100%
Reminding me of who I killed inside my dream Car Radio
100%
I hate this car that I'm driving, there's no hiding for me Car Radio
100%
But from the things that work there are only two Car Radio
100%
Peace will win and fear will lose Car Radio
100%
Spread out wide no more, pinch my shoulders close Center Mass
100%
I pull on my shirtsleeve to cover half of my hands Center Mass
100%
I think my skin got worse with good intentions Center Mass
100%
I miss you so, so much, take what you want Center Mass
100%
When I leave, don't save my seat Chlorine
100%
The moment is medical Chlorine
100%
Lovin' what I'm tastin' Chlorine
100%
Help my body run Chlorine
100%
I'm runnin' for my life Chlorine
100%
I know it's over Choker
100%
Where you'll eventually lay forever Choker
100%
And the rearview only blinds you Choker
100%
Frozen days of the week Christmas Saves the Year
100%
This one needs to come through Christmas Saves the Year
100%
Square up with me, I can take your right, throw a left City Walls
100%
The way around those city walls City Walls
100%
The way on through City Walls
100%
Abandoned by the sun City Walls
100%
Buckle down, this is possibly the furthest we've reached City Walls
100%
Now move it up, move it up, it's a breach City Walls
100%
To prove which theory works Clear
100%
I wonder, if I tell 'em what I did last night Clear
100%
But it takes a clever guy to do what I do Clear
100%
Thought you'd just fall in the woods Cottonwood
100%
Most are blown down in a storm Cottonwood
100%
But the wind was tame Cottonwood
100%
I'll keep on tryin', might as well Cut My Lip
100%
Though I am bruised, face of contusions Cut My Lip
100%
Blood is on my tongue Cut My Lip
100%
I'll keep on goin' back Cut My Lip
100%
Lean on my pride Cut My Lip
100%
To waste time in a city Days Lie Dormant
100%
You say, Don't worry 'bout me though Days Lie Dormant
100%
Scared of my own ceiling Doubt
100%
I'm no good without you Doubt
100%
Temperature is dropping Doubt
100%
Downstairs, I feel better in the cellar Downstairs
100%
Maybe once or twice or three Drag Path
100%
Now they have to let you out of your cage Drum Show
100%
Even now, even now, even now Drum Show
100%
He'll take the longer way home Drum Show
100%
He drives fast just to feel it, feel it Drum Show
100%
What I shouldn't do I will Fairly Local
100%
Is that who I truly am? Fairly Local
100%
The world around us is burning but we're so cold Fairly Local
100%
To avoid yesterday's dance Fairly Local
100%
I want to drive away Fake You Out
100%
And I'll fall down Fake You Out
100%
I have committed dirty, dirty crimes that are perfectly form-fitted Fake You Out
100%
Yeah, am I right? Fake You Out
100%
And my skin it will start to break up and fall apart Fall Away
100%
Down in the forest, we'll sing a chorus Forest
100%
I took some food for thought, it might be poisoned Forest
100%
I don't understand why everything I adore Forest
100%
This is not what you're supposed to see Forest
100%
King of a kingdom, or swinging on a swing Forest
100%
But you should know I might be cynical towards you Formidable
100%
I can die with you Formidable
100%
I wanna see it all no surprises Formidable
100%
I can die with you Formidable
100%
Fast-forward 13 years now Formidable
100%
But can I take you everywhere we've ever been? Formidable
100%
I'm just worried my loyalty will bore you Formidable
100%
Petrified of who you are and who you have become Friend, Please
100%
Friend, please remove your hands Friend, Please
100%
Would you let me know your plans tonight? Friend, Please
100%
But I will listen to you all day Friend, Please
100%
Or less Garbage
100%
I'll show you nothing's left Garbage
100%
We all are stranger creatures than when we all started out as kids Glowing Eyes
100%
(Make them stop) Glowing Eyes
100%
Broke the news on mom's vacation Good Day
100%
It's a good day Good Day
100%
Today's a good day Good Day
100%
I think that I'm all right Good Day
100%
It shows where your mind has gone Guns for Hands
100%
And you swear to your parents Guns for Hands
100%
That it will never happen again Guns for Hands
100%
To take it, to take it, don't take it, take it, take it Guns for Hands
100%
Let's take this a second at a time Guns for Hands
100%
Let's take this one song, this one rhyme Guns for Hands
100%
You don't know the half of the abuse Heathens
100%
Just because we check the guns at the door Heathens
100%
They say newcomers have a certain smell Heathens
100%
You have trust issues, not to mention Heathens
100%
They say they can smell your intentions Heathens
100%
You'll never know the freak show sitting next to you Heathens
100%
And now they're outside ready to bust Heathens
100%
There's an infestation in my mind's imagination Heavydirtysoul
100%
This is not rap, this is not hip-hop Heavydirtysoul
100%
Gangsters don't cry Heavydirtysoul
100%
Can you save my heavy dirty soul? Heavydirtysoul
100%
Nah, I didn't understand a thing you said Heavydirtysoul
100%
Mindless zombies walking around with a limp and a hunch Heavydirtysoul
100%
Saying stuff like, "You only live once" Heavydirtysoul
100%
T's uncrossed and "I"'s undotted Holding On To You
100%
You are surrounding, all my surroundings Holding On To You
100%
Sounding down the mountain range of my left-side brain Holding On To You
100%
And I'll be holding on to you Holding On To You
100%
Remember the moment you know exactly where you're goin' Holding On To You
100%
And the windowsill looks really nice, right? Holding On To You
100%
Lyrics that mean nothin', we were gifted with thought Holding On To You
100%
Spirits in the dark are waiting Hometown
100%
I know you can bring the fire, I can bring the bones Hometown
100%
She asked me, son, when I grow old House of Gold
100%
And when your father turns to stone House of Gold
100%
Will you take care of me? House of Gold
100%
I'll put you on the map House of Gold
100%
And life turns plans up on their head House of Gold
100%
I will plan to be a bum House of Gold
100%
Intentions lack memory Intentions
100%
Now is the climax to the story Isle of Flightless Birds
100%
And mold our emotions just to please them Isle of Flightless Birds
100%
I will fly with no hope, no fear Isle of Flightless Birds
100%
And we think the going is tough Isle of Flightless Birds
100%
And honestly, we're probably, more suicidal than ever now Isle of Flightless Birds
100%
While we repeat the same routine as we will please comfortability Isle of Flightless Birds
100%
Your soul knows good and evil, your soul knows both sides Isle of Flightless Birds
100%
He stays home from work this time Johnny Boy
100%
He has fallen in love Johnny Boy
100%
Get up, Johnny Boy, because we all need you now Johnny Boy
100%
Dusting off my, jumpsuit Jumpsuit
100%
But you'll have to grab my throat and lift me in the air Jumpsuit
100%
Think things on the brink of blasphemy Kitchen Sink
100%
I'm my own shrink Kitchen Sink
100%
Okay, friend? Kitchen Sink
100%
Then write something, yeah, it might be worthless Kitchen Sink
100%
Meaning maybe defeating them could be the beginning Kitchen Sink
100%
Leave me alone Kitchen Sink
100%
And say they know what you're going through Kitchen Sink
100%
But we go where we want to Lane Boy
100%
Cause our minds change on what we think is good Lane Boy
100%
But I know a thing or two about pain and darkness Lane Boy
100%
If it wasn't for this music I don't know how I would have fought this Lane Boy
100%
Don't trust a perfect person and don't trust a song that's flawless Lane Boy
100%
In the industry it seems to me that singles on the radio are currency Lane Boy
100%
And no one really wants to think about this Lane Boy
100%
Forget sanity, forget salary, forget vanity, my morality Lane Boy
100%
Welcome to the new way of living Lavish
100%
It's just the beginning of lavish Lavish
100%
Welcome to the style you haven't seen in a while Lavish
100%
Try your best to look like this is not your first time Lavish
100%
You're fighting for the front row, that's a nice try Lavish
100%
It's lavish Lavish
100%
Big flex, complex, Napoleon Lavish
100%
Sip a Capri Sun like it's Dom Perignon Lavish
100%
NDA's for the folks that talk to me Lavish
100%
So tell your friends that follow bots anonymous Lavish
100%
I see your problem is your proctologist Lavish
100%
You were one of those classic ones Legend
100%
'Cause I told you my level of concern Level of Concern
100%
But you walked by like you never heard Level of Concern
100%
And you could bring down my level of concern Level of Concern
100%
Just need you to tell me we're alright, tell me we're okay Level of Concern
100%
Michael's gone insane Level of Concern
100%
I know how to levitate up off my feet Levitate
100%
And ever since the seventh grade Levitate
100%
Learn to levitate with just a little help Levitate
100%
Come down, come down Levitate
100%
Now they know it like we both knew for some time I'd say Levitate
100%
Please, keep me from, please, keep me Levitate
100%
Keep your wooden wedges under doors Levitate
100%
Sending signals and red flags in waves Lovely
100%
I'll pray that one day you'll see Lovely
100%
The only difference between life and dying Lovely
100%
No one looksup anymore March To the Sea
100%
Cause you might get a raindrop in your eye March To the Sea
100%
And then we fall asleep March To the Sea
100%
And our ocean graves are just beyond the sand March To the Sea
100%
This line's the only way March To the Sea
100%
Release me from the present Message Man
100%
You don't know my heart the way you know my face Message Man
100%
And music to use it, for others to use it Message Man
100%
When the comments will always become common motivation Message Man
100%
To promote you choose next episode Message Man
100%
Together we're losers, remember the future Message Man
100%
Reaching out on my way home Midwest Indigo
100%
You make me sad and second-guess myself Midwest Indigo
100%
That seems to be about as wide as our chances Midwest Indigo
100%
Chill out, man, we're right on time Midwest Indigo
100%
I've got a migraine Migraine
100%
And my pain will range from up, down, and sideways Migraine
100%
Sometimes death seems better than the migraine in my head Migraine
100%
Let it be said what the headache represents Migraine
100%
It's me defending in suspense, it's me suspended in a defenseless test Migraine
100%
Being tested by a ruthless examinant Migraine
100%
I do not have writer's block, my writer just hates the clock Migraine
100%
It will not let me sleep, I guess I'll sleep when I'm dead Migraine
100%
Are not what's growing in my psyche, it's a different me Migraine
100%
Something you won't forget, it's all about my forehead Migraine
100%
Behind my eyelids are islands of violence Migraine
100%
My mind ship-wrecked, this is the only land my mind could find Migraine
100%
And I will say that we should take a day to break away Migraine
100%
And I will say that we should take a moment and hold it Migraine
100%
Can't stop thinking about if and when I'd die Morph
100%
For 'above' is blind belief, and 'under' is sword to sleeve Morph
100%
And that's when going 'under' starts to take my wonder Morph
100%
If I keep moving, they won't know Morph
100%
I'll morph to someone else Morph
100%
Defense mechanism mode Morph
100%
He'll always try to stop me, that Nicolas Bourbaki Morph
100%
If not to run straight through all our tormentors? Morph
100%
Anybody listening? Ones and zeroes Morph
100%
Keep your bliss Mulberry Street
100%
To rain on your parade Mulberry Street
100%
So move out of our way Mulberry Street
100%
We're pushing sideways Mulberry Street
100%
I'll listen for a song in the distance Mulberry Street
100%
When everyone you thought you knew My Blood
100%
Deserts your fight My Blood
100%
I'll go with you My Blood
100%
You're facing down a dark hall My Blood
100%
I'll grab my light My Blood
100%
When choices end My Blood
100%
They're calling for your head and they're calling for your name My Blood
100%
If you find yourself in lion's den My Blood
100%
I know you see me standing still Navigating
100%
Pardon my delay Navigating
100%
I'm navigating my head Navigating
100%
Disassociate Navigating
100%
Feeling the reality that everybody leaves Navigating
100%
What's my problem? Neon Gravestones
100%
'Cause your wits are first to go while you're problem-solving Neon Gravestones
100%
We glorify those even more when they... Neon Gravestones
100%
Neon gravestones try to call Neon Gravestones
100%
Neon gravestones try to call for my bones Neon Gravestones
100%
We don't get enough love? Neon Gravestones
100%
Well, they get a fraction Neon Gravestones
100%
Don't get me wrong, the rise in awareness Neon Gravestones
100%
Thinking "I'll teach them, " well, I'm refusing the lesson Neon Gravestones
100%
It won't resonate in our minds Neon Gravestones
100%
Just pleading that it does not get glorified Neon Gravestones
100%
Pay some respects for the path that they paved Neon Gravestones
100%
Keep the truth in quotations Never Take It
100%
You and I, we'll never take it Never Take It
100%
Why cure disease of confusion Never Take It
100%
We'll never take it Never Take It
100%
You better educate yourself but never too much Never Take It
100%
It's a taste test of what I hate less Next Semester
100%
The yellow dashes in the street Next Semester
100%
East is up Nico And The Niners
100%
When Bishops come together they will know that Nico And The Niners
100%
Save your razorblades now, not yet Nico And The Niners
100%
I'm higher when I'm heavy Nico And The Niners
100%
I'm so high, my jumpsuit takes me so high Nico And The Niners
100%
I'm flying from a fire Nico And The Niners
100%
I'm flying from a fire, from Nico and the Niners Nico And The Niners
100%
And start a concert, a complete diversion Nico And The Niners
100%
In this house, we got feng shui No Chances
100%
Feet planted on grip tape No Chances
100%
We want you home in one piece now No Chances
100%
How did you get the location? No Chances
100%
They say they sell the information in those terms of agreement No Chances
100%
Stayin' in the same room I was born in Not Today
100%
Without me in it tryin' to transform it Not Today
100%
Who I feel I am right now Not Today
100%
Doesn't mean I'm not willin' to take you down Not Today
100%
I'm, I'm out of my mind Not Today
100%
(Not today) Not Today
100%
I wake up fine and dandy but then by the time I find it handy Ode To Sleep
100%
I'll stay awake Ode To Sleep
100%
'Cause the dark's not taking prisoners tonight Ode To Sleep
100%
Why am I not scared in the morning? Ode To Sleep
100%
I must have kicked them out Ode To Sleep
100%
I swear I heard demons yelling Ode To Sleep
100%
Those crazy words they were spelling Ode To Sleep
100%
But I'll tell 'em, "Why won't you let me go?" Ode To Sleep
100%
Please tell 'em, you have no plans for me Ode To Sleep
100%
I'm not free, I asked forgiveness three times Ode To Sleep
100%
Same amount that I denied, I three-time MVP'd this crime Ode To Sleep
100%
Oh, Ms. Believer, my pretty sleeper Oh Ms. Believer
100%
My nose and feet are running as we start Oh Ms. Believer
100%
You've had your turns with relative pain Oldies Station
100%
Little less concerned when there's nothing in the tank Oldies Station
100%
You have it down, that old fight for survival Oldies Station
100%
That this is a one way One Way
100%
Am I dreaming? One Way
100%
(Welcome back to Trench) Overcompensate
100%
Actin' gobsmacked, don't hesitate to maybe overcompensate Overcompensate
100%
In the same night and won't hesitate to maybe overcompensate Overcompensate
100%
Don't hesitate to maybe overcompensate Overcompensate
100%
And then by the time I catch in my peripheral Overcompensate
100%
I was born right here, just now Overcompensate
100%
Get kicked to the curb for passin' the classes Overcompensate
100%
Half empty, half full Overcompensate
100%
Do the years seem way too short for my soul, corazón Overcompensate
100%
I would swim the Paladin Strait Paladin Strait
100%
Without any floatation Paladin Strait
100%
Endless row of angry waves Paladin Strait
100%
I'm all in, I'm surrounded Paladin Strait
100%
Fighting while I find Nico Paladin Strait
100%
No, I move slow Pet Cheetah
100%
I've raised him, and bathed him, and named him Jason Statham Pet Cheetah
100%
Get behind me Pet Cheetah
100%
Help me polarize, help me polarize, help me down Polarize
100%
I wanted to be a better brother, better son Polarize
100%
Polarize is taking your disguises Polarize
100%
You know what kills me? Not getting stronger RAWFEAR
100%
It is not pass or fail, but a poisonous progression RAWFEAR
100%
I could build a tower with the times I was pretending RAWFEAR
100%
He collected many things but never quite enough Redecorate
100%
Flat on his back but he still heard the directive Redecorate
100%
At least let me clean my room Redecorate
100%
Or redecorate? Redecorate
100%
But of what she might see behind it Redecorate
100%
He says he likes an open schedule but he mostly hates it Redecorate
100%
I just wanna stay in the sun where I find Ride
100%
Pieces of peace in the sun's peace of mind Ride
100%
Yeah, I think about the end just way too much Ride
100%
I'm fallin' Ride
100%
I'd die for you that's easy to say Ride
100%
A bullet for everybody in this room Ride
100%
See many bullets coming through Ride
100%
Who would you live for? Ride
100%
Who would you die for? Ride
100%
Would you ever kill? Ride
100%
The beeps and tones they make Robot Voices
100%
Everyone sees Robot Voices
100%
And I just wanna dance in style and stay a while Robot Voices
100%
As my metal friend flashes in time Robot Voices
100%
Some doors have "stay out" spray painted in white Routines In The Night
100%
Through the memories, down the halls of my head Routines In The Night
100%
REM cycle skip, night psycho trip Routines In The Night
100%
Reoccurring, days blurring Routines In The Night
100%
Ruby, I hope I see you Ruby
100%
But with your great arrival, that shade has turned to red Ruby
100%
Won't you tell us of the clouds? Ruby
100%
You're an angel Ruby
100%
Weeks feel like days Saturday
100%
I just pray that I'm not losing you Saturday
100%
We paint the town Saturday
100%
Did the tide forget to move? Saturday
100%
(I wanna watch "Friends" with you) Saturday
100%
(You should just go for it) Saturday
100%
'Cause there's a screen on my chest Screen
100%
I'm standing in front of you Screen
100%
I'm seeing everything in slo-mo Screen
100%
My flow's not great, okay, I conversate with people Screen
100%
Taking my only friend I know Semi-Automatic
100%
Under the warm glow of survival of the day Semi-Automatic
100%
When the sun is climbing window sills Semi-Automatic
100%
I'm semi-automatic Semi-Automatic
100%
Don't you shy away Shy Away
100%
Like a song he wrote, that's never heard Shy Away
100%
Don't you (shh) Shy Away
100%
'Cause you shed your modesty Shy Away
100%
Boy, you better not be there, you're long gone Shy Away
100%
That's never heard Shy Away
100%
If we could just lay down and wake up in Slowtown? Slowtown
100%
Just so I don't fall through the floor Slowtown
100%
Got a bad feeling I'm gonna lose the lead Snap Back
100%
Give it finger stitches Snap Back
100%
I wish I had a better voice that sang some better words Stressed Out
100%
I wish I didn't have to rhyme every time I sang Stressed Out
100%
I was told when I get older, all my fears would shrink Stressed Out
100%
But now I'm insecure, and I care what people think Stressed Out
100%
My name's Blurryface and I care what you think Stressed Out
100%
When our mama sang us to sleep Stressed Out
100%
But now we're stressed out Stressed Out
100%
Sometimes a certain smell will take me back to when I was young Stressed Out
100%
Same clothes, homegrown, a stone's throw from a creek we used to roam Stressed Out
100%
Saying "Wake up, you need to make money" Stressed Out
100%
We used to play pretend, used to play pretend, money Stressed Out
100%
I lost my rank and title Tally
100%
I turned my back on it Tally
100%
Sold it all at a discount Tally
100%
I wanted to progress things Tally
100%
We've seen it several times Tally
100%
It's kinda hard to know, is there's a point at all? Tally
100%
Just figured you were keeping track of every time Tally
100%
I let you down, I breached your trust, I let you die Tally
100%
The passenger person grabbed a map Taxi Cab
100%
And the driver inside it contrived a new route to save the past Taxi Cab
100%
A cab, had a cleared out back Taxi Cab
100%
Then there were three men up front Taxi Cab
100%
All I saw were backs of heads Taxi Cab
100%
And then I asked, "Am I alive and well or am I dreaming dead?" Taxi Cab
100%
And all you did will be undone Taxi Cab
100%
She's the tear in my heart Tear in My Heart
100%
Take me higher than I've ever been Tear in My Heart
100%
For not using my taxes to fill holes with more cement Tear in My Heart
100%
My heart is my armor Tear in My Heart
100%
She's a carver Tear in My Heart
100%
Cut me farther Tear in My Heart
100%
I check the clock, wondering what he'll pull this time The Contract
100%
I have a feeling that necromancer's outside The Contract
100%
The more I think, the less I say The Craving
100%
I hope I communicate the craving The Craving
100%
She just wants to catch a wave The Craving
100%
I hope that I can satiate the craving The Craving
100%
Now I see a gesture don't mean much The Craving
100%
I don't believe the hype The Hype
100%
Three lights are lit, but the fourth one's out The Judge
100%
So I head out The Judge
100%
And I hide behind my mouth The Judge
100%
And now that my mind's out and now I hear it clear and loud The Judge
100%
(Josh Dun) The Judge
100%
I can feel the light shine on my face The Line
100%
Did I disappoint you? The Line
100%
Pull the blanket tight now The Line
100%
One by one, take a hit, join the club The Outside
100%
Kids will try to take my vibes The Outside
100%
Or am I on the outside? The Outside
100%
Oceans feeling like a pond The Outside
100%
Now that meteor is coming The Outside
100%
Cogs I'm stepping on The Outside
100%
On fumes I am running The Outside
100%
I'm on the outside in the summer heat The Outside
100%
Your grandpa died when you were nine The Pantaloon
100%
You have learned way too soon The Pantaloon
100%
That your dad is now the Pantaloon The Pantaloon
100%
And all your friends fertilize the ground you walk The Pantaloon
100%
Between the sun and the moon The Pantaloon
100%
Either way he can't deny he is a Pantaloon The Pantaloon
100%
You like to sleep alone The Pantaloon
100%
By your nightmares and your frights The Pantaloon
100%
Pa, I'm not the one you know The Run and Go
100%
Pa, I hear them coming down the hall The Run and Go
100%
Cerebral thunder and one-way conversations The Run and Go
100%
Throws on a mask that will alter his face Trapdoor
100%
Everyone gather around for a show Trapdoor
100%
As you watch him fall through a blatant trapdoor Trapdoor
100%
Nothing kills a man faster than his own head Trapdoor
100%
Where I happen to be Trees
100%
I can feel Your breath Trees
100%
Now the night is coming to an end Truce
100%
Stay alive for me Truce
100%
You will die Truce
100%
Take pride in what is sure to die Truce
100%
I will fear the night again Truce
100%
Tunnels cave, visions fade Vignette
100%
Now he can't hold out his hand without it shaking Vignette
100%
And what we want, we know we can't believe We Don't Believe What's on TV
100%
I need to know We Don't Believe What's on TV
100%
That when I fail you'll still be here We Don't Believe What's on TV
100%
'Cause if you stick around, I'll sing you pretty sounds We Don't Believe What's on TV
100%
And we'll make money selling your hair We Don't Believe What's on TV
100%
I don't wanna know who I would be We Don't Believe What's on TV
100%
'Cause somebody stole my car radio Car Radio
75%
Square up with me, I can come to you, tell me when City Walls
75%
Is it time to move our feet, to an introspective beat? Holding On To You
75%
Will you buy me a house of gold? House of Gold
75%
I want to be afraid but it seems that these days Anathema
67%
I don't know why I feed on emotion Forest
67%
We all scream, 'cause we're terrified Forest
67%
Sleep in a well-lit room, don't let the shadow through Levitate
67%
And as you move about Oldies Station
67%
My taste in music is your face Tear in My Heart
67%
I used to see, it felt so real The Contract
67%
But now I plead, just take the deal The Contract
67%
Won't you stay alive? I'll take you on a ride Lovely
60%
As I hold the water in the palm of my hand Addict With a Pen
50%
And I'm lyin' here just cryin', so wash me with Your water Addict With a Pen
50%
Haven't you taken enough from me? Anathema
50%
My heart's getting harder, I'm calling my father Anathema
50%
Trying to forget that we're in ejection seats At The Risk Of Feeling Dumb
50%
At the risk of feeling dumb, check in At The Risk Of Feeling Dumb
50%
Most of us listen if it's something we can relate to Be Concerned
50%
And my wife saw your face on the nightly news Bounce Man
50%
It's on my sleeve, my skin will scream Car Radio
50%
A tighter space than I used to know Center Mass
50%
Hoping they misplace my reservation Center Mass
50%
Let the vibe slide over me Chlorine
50%
Self-sabotage is a sweet romance Choker
50%
But everybody wants to make it home this year Christmas Saves the Year
50%
Lines of the yellow tape, they're moving quiet like a City Walls
50%
I wonder where you are City Walls
50%
It was the same plan for a while, decided City Walls
50%
Can't believe you're gone for good Cottonwood
50%
I keep on goin' back Cut My Lip
50%
And it's that we're all battling fear Car Radio
50%
Down there, it's some shelter from the weather Downstairs
50%
I want to change Drum Show
50%
I don't wanna fall, fall away Fall Away
50%
I'm dying and trying but believe me I'm fine Fall Away
50%
I feel my conscience wearing thin Fall Away
50%
I'm all right Good Day
50%
I know what you think in the morning Guns for Hands
50%
The solution is, I see a whole room of these mutant kids Guns for Hands
50%
That they loved one day, locked away Heathens
50%
You'll think, "How'd I get here, sitting next to you?" Heathens
50%
'Cause I wasn't the only one who wasn't rushing to say nothing Heavydirtysoul
50%
Entertain my faith Holding On To You
50%
Rain down and destroy me Implicit Demand for Proof
50%
But if we wake up every morning Isle of Flightless Birds
50%
I wasn't raised in the hood Lane Boy
50%
Walk in like you deserve it Lavish
50%
I'm talking tough happily with someone in front of me Lavish
50%
I'm sorry I did not visit Legend
50%
Or is this the way it ends? Level of Concern
50%
I probably shouldn't show you, but it's way too late Levitate
50%
They're smirking at first blood, they're circling above Levitate
50%
No, no we are not just graffiti on a passing train Levitate
50%
I'm wanted and on the run Message Man
50%
Running late so I didn't have the time Midwest Indigo
50%
I don't know why they always seem so dismal Migraine
50%
Me for yelling, I'm telling you green gardens Migraine
50%
I begin to assemble what weapons I can find Migraine
50%
From all the pain our brain has made, the game is not played alone Migraine
50%
If there comes a day My Blood
50%
When our fingers touch, I feel my way back home Navigating
50%
We give them the highest of praise Neon Gravestones
50%
It's with the people we praise who may have assisted Neon Gravestones
50%
The summer I watched the tube I saw enough Never Take It
50%
Stand up straight now Next Semester
50%
I don't know why I just feel I'm better off Not Today
50%
But the lyrics are so down Not Today
50%
Heard you say, "Not today" Not Today
50%
On the eve of a day that's forgotten and fake Ode To Sleep
50%
Your shaking shoulders prove that it's colder Oh Ms. Believer
50%
Inside your head than the winter of dead Oh Ms. Believer
50%
To travel through snow, together, we go Oh Ms. Believer
50%
Start a streak you're bound to break Oldies Station
50%
Push on through Oldies Station
50%
You start to feel your eyes adjust Oldies Station
50%
(Wait, what? Wait, what?) Overcompensate
50%
Bless your ear holes while you react Overcompensate
50%
Days feel like a perfect length Overcompensate
50%
Eight days straight, eight hours each and not one line Pet Cheetah
50%
I can feel pressure start to possess my mind Pet Cheetah
50%
Orders from that corner where that shadow always lived Redecorate
50%
You're royalty, in your homeland, they all call you queen Ruby
50%
Tell our dad I'm sorry Ruby
50%
(Working on music?) Saturday
50%
Everything together trying to be so cool Screen
50%
I'm never what I like Semi-Automatic
50%
I will be saved for one whole day Semi-Automatic
50%
But I'll live on, yeah I'll live on Semi-Automatic
50%
Searching for that feeling Shy Away
50%
You barely recognize the pictures they put in a frame Shy Away
50%
And you know Smithereens
50%
All of that progress lost today Snap Back
50%
Ooh, somehow I figured you were keeping track of every time Tally
50%
Someone must have picked the lock Taxi Cab
50%
An-nyŏng-ha-se-yo Tear in My Heart
50%
Than I've ever been Tear in My Heart
50%
That cripples every step we take The Craving
50%
So stay with me because The Line
50%
Heads are moving up and down The Outside
50%
I am a Megalodon The Outside
50%
Meteoric rise, in prehistoric times The Outside
50%
Now it's your turn to be alone The Pantaloon
50%
He used to see dreams at night Trapdoor
50%
But now he's just watching the backs of his eyes Trapdoor
50%
Hounded by a bunch of dead when the search party found him Vignette
50%
But no matter how, how tightly I will strain Addict With a Pen
33%
Someone else can carve it out Choker
33%
We made it through the darkest night Drag Path
33%
And sever all I knew, yeah, sever all Levitate
33%
Making my way towards you Paladin Strait
33%
Just so that my soul won't fall through my toes Slowtown
33%
As I plead my case The Judge
33%
No, no, not me, it's for a friend, denial Vignette
33%
As it blows me back and forth, bindless, spineless, and pretend Addict With a Pen
25%
Now they're waiting on me City Walls
25%
Remember the morning is when night is dead Message Man
25%
To add the miles piled up behind me A Car, a Torch, a Death
0%
I barely feel a smile deep inside me A Car, a Torch, a Death
0%
And I begin to envy the headlights driving south A Car, a Torch, a Death
0%
But then I remember when you packed my car A Car, a Torch, a Death
0%
You reached in the back and buckled up your heart A Car, a Torch, a Death
0%
For me to drive away with A Car, a Torch, a Death
0%
I began to understand why God died A Car, a Torch, a Death
0%
The demon sat there waiting on her porch A Car, a Torch, a Death
0%
It was a little dark, so he held a makeshift torch A Car, a Torch, a Death
0%
And when my car was far out of sight A Car, a Torch, a Death
0%
He crept in her room and stayed there for the night A Car, a Torch, a Death
0%
And then I felt chills in my bones A Car, a Torch, a Death
0%
The breath I saw was not my own A Car, a Torch, a Death
0%
Wasn't made to play this game A Car, a Torch, a Death
0%
And then I saw him, torch in hand A Car, a Torch, a Death
0%
He laid it out, what he had planned A Car, a Torch, a Death
0%
And then I said, "I'll take the grave A Car, a Torch, a Death
0%
Please, just send them all my way" A Car, a Torch, a Death
0%
Hello, we haven't talked in quite some time Addict With a Pen
0%
I know I haven't been the best of sons Addict With a Pen
0%
Hello, I've been travelin' in the deserts of my mind Addict With a Pen
0%
And I haven't found a drop of life Addict With a Pen
0%
I haven't found a drop of You Addict With a Pen
0%
I haven't found a drop of water Addict With a Pen
0%
I try desperately to run through the sand Addict With a Pen
0%
But I try my best and all that I can to Addict With a Pen
0%
Hold tightly onto what's left in my hand Addict With a Pen
0%
The sand will slow me down and the water will drain Addict With a Pen
0%
Of course I'll be here again, see You tomorrow, but it's the end of today Addict With a Pen
0%
End of my ways as a walking denial Addict With a Pen
0%
My trial was filed as a crazy, suicidal head-case Addict With a Pen
0%
But You specialize in dyin', You hear me screamin', "Father!" Addict With a Pen
0%
I don't fall slow like I used to, I fall straight down Air Catcher
0%
My parachute's what got me safely to ground Air Catcher
0%
I will try to avoid those eyes, oh Air Catcher
0%
I think you would beat the moon in a pretty contest Air Catcher
0%
I was doing fine on my own and there wasn't much I lacked Air Catcher
0%
But you've stolen my air catcher and I don't know if I want it back Air Catcher
0%
'Cause I'm not sure I want to give you Air Catcher
0%
Tools that can destroy my heart Air Catcher
0%
And I just don't say what you wanna hear Air Catcher
0%
So I'll write my fears Air Catcher
0%
And I don't believe in talkin' just to breathe Air Catcher
0%
In fallin' selfishly Air Catcher
0%
You will never know what's behind my skull Anathema
0%
So won't you say goodnight, so I can say goodbye? Anathema
0%
You will never know what's under my hair Anathema
0%
You will never know what is in my veins Anathema
0%
Won't you go to someone else's dreams? Anathema
0%
Won't you go to someone else's head? Anathema
0%
Won't you torture someone else's sleep? Anathema
0%
I start to part two halves of my heart in the dark and I Anathema
0%
Don't know where I should go and the tears and the fears begin to multiply Anathema
0%
Taking time in a simple place; in my bed where my head rests on a pillowcase Anathema
0%
I'm caught underwater and I'm falling farther Anathema
0%
Am I screaming to an empty sky? Anathema
0%
Empty sky, no way, that's me 'cause one half of my heart is free Anathema
0%
Empty sky, no way, that's me, 'cause the other half of my heart's asleep Anathema
0%
I don't want anyone, know me or not At The Risk Of Feeling Dumb
0%
See me at my lowest, you don't have to drop, drop, drop At The Risk Of Feeling Dumb
0%
Just keep your plans, I hope that you never have to drop At The Risk Of Feeling Dumb
0%
Used to be you and me, matching Kawasaki Zs At The Risk Of Feeling Dumb
0%
Two fighter jets matching energy At The Risk Of Feeling Dumb
0%
So please keep it in mind At The Risk Of Feeling Dumb
0%
Check on your friends At The Risk Of Feeling Dumb
0%
Every once in a while At The Risk Of Feeling Dumb
0%
Even if they say At The Risk Of Feeling Dumb
0%
It's not worth the risk of losing a friend At The Risk Of Feeling Dumb
0%
Even if they say At The Risk Of Feeling Dumb
0%
If I'm being real, man, don't know how I feel, man At The Risk Of Feeling Dumb
0%
Those night terrors are not something to take lightly At The Risk Of Feeling Dumb
0%
Stopping me, fight me At The Risk Of Feeling Dumb
0%
Rat race, place to place, adding weight Backslide
0%
Tendencies on repeat, innit Backslide
0%
Benefit from a shoe with no lace Backslide
0%
Take the seat with the crease in it Backslide
0%
I don't mind if it's lonely Backslide
0%
I don't mind if it's fair Backslide
0%
I don't care you control me Backslide
0%
Leading me anywhere Backslide
0%
There's no chance I will shake this again Backslide
0%
Cause I feel the pull, water's over my head Backslide
0%
Strength enough for one more time Backslide
0%
Reach my hand above the tide Backslide
0%
I'll take anything you have if you could throw me a line Backslide
0%
Do you think that now's the time you should let go Backslide
0%
It's over my head Backslide
0%
Bad place, on a hundred-dollar bass Backslide
0%
Kinda wishin' that I never did Saturday Backslide
0%
Are you doin' good? Backslide
0%
Did you solve all of your problems? Backslide
0%
Thanks for asking, in a way, but Backslide
0%
Accidentally uncovered a new one yesterday Backslide
0%
What happened to what I brushed under the rug? Backslide
0%
I used to be a champion of a world you can't see Backslide
0%
But I know that I'm going low Bandito
0%
When in between two places Bandito
0%
Where are we used to bleed Bandito
0%
And where're our blood needs to be Bandito
0%
Like neon inside the glass, they form my brain Bandito
0%
But I recently discovered it's a heatless fire Bandito
0%
Like nicknames they give themselves to uninspire Bandito
0%
Began with bullet, now add fire to the proof Bandito
0%
But I'm still not sure if fear's a rival or close relative to truth Bandito
0%
Either way it helps to hear these words bounce off of you Bandito
0%
The softest echo could be enough for me to make it through Bandito
0%
I created this world to feel some control Bandito
0%
Where'd you go, huh? Be Concerned
0%
They all think I know ya Be Concerned
0%
It's so hard to motivate me to devote Be Concerned
0%
A single inch of me to something I can't see Be Concerned
0%
I don't mean to pry but why would you even make the eyes? Be Concerned
0%
I don't believe my ears and I'm scared of my own head Be Concerned
0%
I will deny you for years then I'll make you raise me from the dead Be Concerned
0%
And if I said that I would live for you for nothing in return Be Concerned
0%
Well, I'm sorry, Mr. Gullible, but lying's all I've learned Be Concerned
0%
So be concerned Be Concerned
0%
No music, and I can talk about anything Be Concerned
0%
Whether or not it's worthwhile, it’s based on who's listenin' Be Concerned
0%
All of us relate if it's something we've just been through Be Concerned
0%
Taken for granted, trust is damaged and now we panic Be Concerned
0%
Livin' empty handed, livin' lives like we can manage Be Concerned
0%
I can't feel you, but still know where home is, feeling like Jonah did Be Concerned
0%
Almost dropped the bat like every base was fully loaded Be Concerned
0%
I am disappearing inside my bird's eye theories Be Concerned
0%
I tried to say goodbye, defy, and deny what it is I'm fearing Be Concerned
0%
Clearly, I am dying, dearly, I am writing, merely testifying Be Concerned
0%
That a test to fly requires, I pass the test with colors flying Be Concerned
0%
I don't believe you most the time Be Concerned
0%
I'm lying 'cause I say I am fine Be Concerned
0%
You are the pearl, I am the swine Be Concerned
0%
So break my life and take this rhyme Be Concerned
0%
I'm so sorry but I do believe Be Concerned
0%
That all my bridges I have burned Be Concerned
0%
And I've earned a policy of no-return Be Concerned
0%
Open the slits in your face Before You Start Your Day
0%
You don't have much time Before You Start Your Day
0%
To make your slits look just right Before You Start Your Day
0%
I'm in your mind Before You Start Your Day
0%
Look in the mirror and ask your soul Before You Start Your Day
0%
If you're alright Before You Start Your Day
0%
Put on the glitter Before You Start Your Day
0%
That your soul hides behind Before You Start Your Day
0%
Know you were made holy Before You Start Your Day
0%
Open up your eyes and see Before You Start Your Day
0%
The clouds above will hold you Before You Start Your Day
0%
The clouds above will sing Before You Start Your Day
0%
You should bounce, bounce, bounce man Bounce Man
0%
You'll be in and out, out, out man Bounce Man
0%
Float you a couple bands Bounce Man
0%
I-I-I don't know if you've got your phone Bounce Man
0%
'Cause this went straight to voicemail Bounce Man
0%
Don't matter now, if you need a piece Bounce Man
0%
I'll break it down Bounce Man
0%
I told you all along Bounce Man
0%
Running away don't make you wrong Bounce Man
0%
We'll sing one more song Bounce Man
0%
So long Bounce Man
0%
If they come knockin' Bounce Man
0%
Ain't no stoppin' me for you Bounce Man
0%
Just let me know you're good on your amenities Bounce Man
0%
Got soldiers on my pedigree Bounce Man
0%
If you don't reply Bounce Man
0%
I'll know you must have crossed state lines Bounce Man
0%
Don't matter now Bounce Man
0%
If you need a piece, I'll break it down Bounce Man
0%
Turn away Cancer
0%
Call my aunt Marie Cancer
0%
Help her gather all my things Cancer
0%
And bury me in all my favorite colors Cancer
0%
My sisters and my brothers, still Cancer
0%
Turn away 'cause I'm awful just to see Cancer
0%
And all my hairs abandoned all my body Cancer
0%
All my agony Cancer
0%
Baby, I'm just soggy from the chemo Cancer
0%
I'm counting down the days to go, this just ain't livin' Cancer
0%
And I just hope you know Cancer
0%
If you say goodbye today Cancer
0%
I'll ask you to be true Cancer
0%
I know it's dire, my time today Car Radio
0%
To replace that slot with what I once bought Car Radio
0%
I'm forced to deal with what I feel Car Radio
0%
There is no distraction to mask what is real Car Radio
0%
I could pull the steering wheel Car Radio
0%
I ponder of something terrifying Car Radio
0%
'Cause this time there's no sound to hide behind Car Radio
0%
I find over the course of our human existence Car Radio
0%
One thing consists of consistence Car Radio
0%
Oh dear, I don't know if we know why we're here Car Radio
0%
Oh my, too deep, please stop thinking Car Radio
0%
I liked it better when my car had sound Car Radio
0%
There are things we can do Car Radio
0%
And from the two that we choose to do Car Radio
0%
And there's faith and there's sleep Car Radio
0%
We need to pick one please because Car Radio
0%
Faith is to be awake and to be awake is for us to think Car Radio
0%
And for us to think is to be alive Car Radio
0%
And I will try with every rhyme Car Radio
0%
To come across like I am dying Car Radio
0%
To let you know you need to try to think Car Radio
0%
A little softer than I used to be Center Mass
0%
Used to mouth off often with artillery Center Mass
0%
Now it is cough drops and soft spots in a middle seat Center Mass
0%
I thought you had it figured out Center Mass
0%
You said you made it to the top Center Mass
0%
So, tell us, how did you make out all right? Center Mass
0%
Bring my arms closer to my body, get as small as I can Center Mass
0%
They call it cеnter mass, that part they aim for Center Mass
0%
Shrink it down to nothing and forgetting what thе pain's for Center Mass
0%
Right this way if you're frustrated Center Mass
0%
Your first mate in the fifth grade tried to persuade Center Mass
0%
Try it once, he was shown on the bus Center Mass
0%
Chain's off my huff, anxious enough as it is Center Mass
0%
Gotta walk, never looking up once at the kids in the park Center Mass
0%
What a day, getting dark, what a day Center Mass
0%
Found out what I'm worth, I run to you Center Mass
0%
I hope you understand this run-on sentence Center Mass
0%
My tattoos only hurt when meaning fades Center Mass
0%
I don't wanna say what happened, I just wanna let it go Center Mass
0%
Nothing was the same right after, I went to the funeral Center Mass
0%
Take what you want from me Center Mass
0%
Took you for granted Center Mass
0%
(So where are ya?) Chlorine
0%
(It's been a little while) Chlorine
0%
Sippin' on straight chlorine Chlorine
0%
This beat is a chemical Chlorine
0%
I'll be back when it's all complete Chlorine
0%
Venom on my tongue, dependent at times Chlorine
0%
Poisonous vibrations Chlorine
0%
Fall out of formation Chlorine
0%
I plan my escape from walls they confined Chlorine
0%
Rebel red carnation Chlorine
0%
Grows while I decay Chlorine
0%
Hide you in my coat pocket, where I kept my rebel red Chlorine
0%
I felt I was invincible, you wrapped around my head Chlorine
0%
Now different lives I lead, my body lives on lead Chlorine
0%
The last two lines may read incorrect until said Chlorine
0%
The lead is terrible in flavor Chlorine
0%
But now you double as a paper maker Chlorine
0%
I despise you sometimes, I love to hate the fight Chlorine
0%
And you in my life is like Chlorine
0%
(I'm so sorry I forgot you) Chlorine
0%
(Let me catch you up to speed) Chlorine
0%
(I've been tested like the ends of) Chlorine
0%
(A weathered flag that's by the sea) Chlorine
0%
(Can you build my house with pieces?) Chlorine
0%
(I'm just a chemical) Chlorine
0%
I don't bother anyone Choker
0%
Nervous when I stand Choker
0%
Choking on the circumstance Choker
0%
Only smoking second hand Choker
0%
Cut us open an' spread us out Choker
0%
Dry us in the sand Choker
0%
Lay the fibers side by side Choker
0%
And you'll begin to understand Choker
0%
I was born a choker Choker
0%
Nobody's coming for me Choker
0%
Never make demands Choker
0%
Seems like all I'm worth is what I'm able to withstand Choker
0%
Sooner I can realize that pain is just a middleman Choker
0%
I see no volunteers Choker
0%
To co-sign on my fears Choker
0%
I'll sign on the line Choker
0%
I'm gonna change my circumstance Choker
0%
I know I need to move right now 'cause Choker
0%
Like a little splinter buried in your skin Choker
0%
But when you've got the pin Choker
0%
It hurts a little less and you can even push it further in Choker
0%
When your body's screaming out Choker
0%
Trust your mind's listening Choker
0%
Like a silhouette that you can barely see Choker
0%
As a shadow cast upon the ground Choker
0%
But the day goes on the sun moves behind you Choker
0%
You get taller, bolder, stronger Choker
0%
Snow falls down from the gray sky Christmas Saves the Year
0%
Ashes fall in the sea Christmas Saves the Year
0%
Plans are thrown to the wayside Christmas Saves the Year
0%
Even if the world is crumblin' down Christmas Saves the Year
0%
'Cause everybody's got somebody who's got their name on a shelf Christmas Saves the Year
0%
With cheap decor and flavored cheer Christmas Saves the Year
0%
You rest assured that Christmas saves the year Christmas Saves the Year
0%
Dust off old photo boxes Christmas Saves the Year
0%
This one's marked '92, yeah Christmas Saves the Year
0%
Years past seemed so much grander Christmas Saves the Year
0%
(Ho Ho Ho) Christmas Saves the Year
0%
Pair up with me, I'ma take you right to the chest City Walls
0%
Warpath etched in the surface City Walls
0%
Serpentine in a formation City Walls
0%
Buddy, that's my team, pretty impatient City Walls
0%
It might be the furthest we've reached City Walls
0%
Now move it up, move it up, it's a breach City Walls
0%
I wanted you to show me City Walls
0%
But now the night has fallen City Walls
0%
Pair up with me, I can run on you, in the end City Walls
0%
I write a promise in pencil, but my loyalty's in pen City Walls
0%
Use a mistake as a crooked stencil, then we trace it back again City Walls
0%
From the mainland to the island of violence City Walls
0%
To send me up and rip you outta your seat City Walls
0%
You see, in a city with no entrance, there is not a retreat City Walls
0%
I'm wondering what you thought would happen, who you thought I would be City Walls
0%
Was this a sideswipe or did you picture this in a dream? City Walls
0%
My smile wraps around my head, splitting it in two City Walls
0%
I don't have a clue how I can keep the top half glued City Walls
0%
This is the last time, this is the last time City Walls
0%
This is the last time that I try City Walls
0%
Address my soul, address my soul, address my soul City Walls
0%
I wish that I had two faces Clear
0%
Yelling on the street corner Clear
0%
Or cleverly maskin' your words Clear
0%
I take my face off at the door Clear
0%
'Cause I don't know who they will take me for Clear
0%
Whether or not I got caught, they just might Clear
0%
Wage war on you, therefore it's true Clear
0%
That I shot my general on my side of enemy lines Clear
0%
I'm the son of all I've done Clear
0%
Impostor, been fostered Clear
0%
Then my new father drained my dirty blood Clear
0%
I'm not trying to be lying to you Clear
0%
It takes some chivalry and well-placed energy Clear
0%
To subliminally get yourself inside you Clear
0%
Introspection is the name of this session Clear
0%
Spread this infection, reflect it on the next one Clear
0%
We'll all have made something new under the sun Clear
0%
I'm not done, I'm not done yet, no Clear
0%
Kick me off the stage and take my microphone Clear
0%
Then you'll walk up to me and when you get close Clear
0%
I'll look you in the face and say, "Where's your home? Clear
0%
Where're you going and why're you here?" Clear
0%
Have you asked these questions? Have you been sincere? Clear
0%
Wanna know what I believe? It's right here Clear
0%
Dig a little deeper and it's crystal clear Clear
0%
I will tell you what I can Clear
0%
But your mind will take a stand Clear
0%
I sing of a Greater Love Clear
0%
Let me know when you've had enough Clear
0%
Someone chopped you down Cottonwood
0%
But she heard that sound Cottonwood
0%
No, I don't, no, I don't remember Cottonwood
0%
Last we spoke Cottonwood
0%
I look back in time through a telescope Cottonwood
0%
I've been catching my Cottonwood
0%
My reflection already looking Cottonwood
0%
You weren't waiting anymore Cottonwood
0%
Were you sad or brave? Cottonwood
0%
No I don't, no, I don't condemn you Cottonwood
0%
Back and forth Cottonwood
0%
You tore me up more than you know Cottonwood
0%
If you decide, all is well Cut My Lip
0%
Know I'll keep movin' Cut My Lip
0%
Rust around the rim drink it anyway Cut My Lip
0%
I cut my lip Cut My Lip
0%
Isn't what I want Cut My Lip
0%
Even though it's me I abuse Cut My Lip
0%
I don't mind at all Cut My Lip
0%
I'm a lion Cut My Lip
0%
You say, "I should chase it" Days Lie Dormant
0%
I'll never say "No" Days Lie Dormant
0%
Too narrow and too tight Days Lie Dormant
0%
Somewhere you can't follow Days Lie Dormant
0%
You say with your face Days Lie Dormant
0%
Something else altogether Days Lie Dormant
0%
My days lie dormant Days Lie Dormant
0%
'Cause I just can't afford it Days Lie Dormant
0%
Where no one knows your name Days Lie Dormant
0%
To waste my time inside a place you're not Days Lie Dormant
0%
Don't make me waste my love Days Lie Dormant
0%
It's everything I've got Days Lie Dormant
0%
It looks so much warmer there Days Lie Dormant
0%
And I should try Topo Chico Days Lie Dormant
0%
And get some more sun Days Lie Dormant
0%
Frozen and distorted Days Lie Dormant
0%
Robbed of my momentum Days Lie Dormant
0%
And suspended in the air Days Lie Dormant
0%
It's feeling less important Days Lie Dormant
0%
Scared of my own image Doubt
0%
Scared of my own immaturity Doubt
0%
Scared I'll die of uncertainty Doubt
0%
Fear might be the death of me Doubt
0%
Fear leads to anxiety Doubt
0%
Don't know what's inside of me Doubt
0%
Don't forget about me Doubt
0%
Even when I doubt you Doubt
0%
I'm not sure if I can see this ever stopping Doubt
0%
Shaking hands with the dark parts of my thoughts Doubt
0%
You are all that I've got Doubt
0%
Gnawing on the bishops, claw our way up their system Doubt
0%
Repeating simple phrases, someone holy insisted Doubt
0%
I want the markings made on my skin Doubt
0%
To mean something to me again Doubt
0%
Hope you haven't left without me Doubt
0%
You can have all I've made and all I've ever known Downstairs
0%
You can have both my lungs if you ask me so Downstairs
0%
Cause I want to be the one after your own heart Downstairs
0%
And I might doubt the process like I doubted the start Downstairs
0%
So I'm beggin', oh-oh, oh-oh, mercy Downstairs
0%
I wear all of my heart on my sleeve Downstairs
0%
I'll take what I believe, and I'm hiding it Downstairs
0%
Feeling like I'm nothing Downstairs
0%
Feeling like I'm run down Downstairs
0%
Was afraid of nothing Downstairs
0%
Now I'm just ashamed how Downstairs
0%
I hide my face from you Downstairs
0%
Oh, what have I become? Downstairs
0%
Dirty and wretched one Downstairs
0%
Am I unholy land? Downstairs
0%
Have I forced your hand? Downstairs
0%
When I see the devil's eyes Drag Path
0%
A current travels down my spine Drag Path
0%
He found me Drag Path
0%
Seems as though I've lost again Drag Path
0%
A story told ad nauseam Drag Path
0%
He's tried his hand at drowning me Drag Path
0%
But I'm still on fire Drag Path
0%
At least I'm pretty sure Drag Path
0%
I'll look away and smile wide Drag Path
0%
'Cause then I'll know you're also there Drag Path
0%
'Cause proof is in the adversere Drag Path
0%
A drag path etched in the surfacе Drag Path
0%
As evidence, I left there on purpose Drag Path
0%
A sad sack, laying on the surface Drag Path
0%
Can you find me? Drag Path
0%
I dug my heels into the gravel Drag Path
0%
As evidence, for you to unravel Drag Path
0%
Would you please, please hurry Drag Path
0%
Then the sun begins to rise Drag Path
0%
Completed checklist for today Drum Show
0%
Feelin' stuck between a rock and a home Drum Show
0%
Two places you do not want to go Drum Show
0%
He's puttin' on a drum show Drum Show
0%
He'll never ever say so Drum Show
0%
He drives slow if his song's not over Drum Show
0%
Drown it out, drown it out Drum Show
0%
He'd rather feel something than nothing at all Drum Show
0%
So he swerves all around as his head starts to fall, turns it up Drum Show
0%
I've been this way Drum Show
0%
I'm fairly local Fairly Local
0%
I've been around Fairly Local
0%
I've seen the streets you're walking down Fairly Local
0%
I'm fairly local, good people now Fairly Local
0%
I'm evil to the core Fairly Local
0%
They say I'm emotional Fairly Local
0%
What I want to save I'll kill Fairly Local
0%
I truly don't have a chance Fairly Local
0%
Tomorrow I'll keep a beat Fairly Local
0%
And repeat yesterday's dance Fairly Local
0%
Yo, this song will never be on the radio Fairly Local
0%
Even if my clique were to pick and the people were to vote Fairly Local
0%
It's the few, the proud, and the emotional Fairly Local
0%
Yo, you, bulletproof, in black like a funeral Fairly Local
0%
I'm not evil to the core Fairly Local
0%
What I shouldn't do I will fight Fairly Local
0%
I know I'm emotional Fairly Local
0%
What I want to save I will try Fairly Local
0%
I know who I truly am Fairly Local
0%
I truly do have a chance Fairly Local
0%
Tomorrow I'll switch the beat Fairly Local
0%
In the night, headlights call my name Fake You Out
0%
I'll never be, be what you see inside Fake You Out
0%
You say I'm not alone, but I am petrified Fake You Out
0%
You say that you are close, is close the closest star? Fake You Out
0%
You just feel twice as far, you just feel twice as far Fake You Out
0%
And I'll fall Fake You Out
0%
And I'll break Fake You Out
0%
And I'll fake Fake You Out
0%
And I'll break down Fake You Out
0%
And I'll fake you out Fake You Out
0%
I'm so afraid of what you have to say Fake You Out
0%
'Cause I am quiet now and silence gives you space Fake You Out
0%
It's the same game today as it always is Fake You Out
0%
I don't give these places fake my name explaining this Fake You Out
0%
And the wrists of my mind have the bleeding lines Fake You Out
0%
That remind me of all the times Fake You Out
0%
To what I've done and what I'm doing Fake You Out
0%
I'm brewing and losing and spewing and fusing Fake You Out
0%
And believe me, that's what all the kids are doing Fake You Out
0%
What kids are doing, they're killing themselves Fake You Out
0%
They feel they have no control of their prisoner cell Fake You Out
0%
And if you're one of them, then you're one of me Fake You Out
0%
And you would do almost anything just to feel free Fake You Out
0%
Of course I am, convince me otherwise would take all night Fake You Out
0%
Before you walk away, there's one more thing I want to say Fake You Out
0%
Our brains are sick but that's okay Fake You Out
0%
I'll fake you out Fake You Out
0%
I'll keep the lights on in this place Fall Away
0%
I disguise and I will lie Fall Away
0%
And I will take my precious time as the days spent away Fall Away
0%
As I stand in line Fall Away
0%
And I die as I wait as I wait on my crime Fall Away
0%
And I'll try to delay what you make of my life Fall Away
0%
But I don't want your way I wan't mine Fall Away
0%
I'm so very far from fine Fall Away
0%
And I, I can feel the pull begin Fall Away
0%
There's a stomach inside my brain Forest
0%
I don't wanna be heard, I wanna be listened to Forest
0%
Does it bother anyone else that someone else has your name? Forest
0%
I scream, you scream Forest
0%
Of what's around the corner Forest
0%
We stay in place Forest
0%
'Cause we don't wanna lose our lives Forest
0%
So let's think of something better Forest
0%
One that everybody knows Forest
0%
Hands held higher, we'll be on fire Forest
0%
Singing songs that nobody wrote Forest
0%
My brain has given up, white flags are hoisted Forest
0%
The stomach in my brain throws up onto the page Forest
0%
Quickly moving towards the storm, moving forward, torn Forest
0%
Into pieces over reasons of what these storms are for Forest
0%
Takes a different form when I squint my eyes Forest
0%
Have you ever done that? When you squint your eyes Forest
0%
And your eyelashes make it look a little not right Forest
0%
And then when just enough light comes from just the right side Forest
0%
And you find you're not who you're supposed to be? Forest
0%
Please, remember me? Forest
0%
I am supposed to be Forest
0%
Something happened to my imagination Forest
0%
The situation's becoming dire Forest
0%
My tree house is on fire Forest
0%
And for some reason I smell gas on my hands Forest
0%
This is not what I had planned Forest
0%
You are formidable to me Formidable
0%
'Cause you seem to know it where you wanna go Formidable
0%
I'll follow you Formidable
0%
But I just can't believe that I'm for you Formidable
0%
Just let me know Formidable
0%
And I know that we just met Formidable
0%
But could you take me everywhere you've ever been? Formidable
0%
But you should know I might bе clinical don't you tell Formidable
0%
I won't break your heart if you can brеak my spell Formidable
0%
Don't know what it was Formidable
0%
But somehow we played it out in reverse Formidable
0%
I'm afraid of you now, more than I was at first Formidable
0%
And I know you just left Formidable
0%
I feel for you, but when did you believe you were alone? Friend, Please
0%
You say that spiders crawled inside and made themselves a home Friend, Please
0%
Where light once was Friend, Please
0%
You will hide from everyone, denying you need Friend, Please
0%
Someone to exterminate your bones Friend, Please
0%
From over your eyes for me Friend, Please
0%
I know you want to leave Friend, Please
0%
But friend, please don't take your life away from me Friend, Please
0%
Living like a ghost, you walk by everyone you know Friend, Please
0%
You say that you're fine, but you have lost your sway and glow Friend, Please
0%
So I stopped by to let you know Friend, Please
0%
'Cause I just won't let go 'til we both see the light Friend, Please
0%
And I have nothing else, oh, left to say Friend, Please
0%
My systems are operating at twenty percent Garbage
0%
I'll walk you through the numbers Garbage
0%
I'm biting down on my shirtsleeve Garbage
0%
I'll lash out if you're in arm's reach Garbage
0%
I'm so lost, like, what is happening? Garbage
0%
I feel like garbage Garbage
0%
I can't decide Garbage
0%
If I could feel more or I just knew less Garbage
0%
When I was younger Garbage
0%
Bright-eyed with wonder Garbage
0%
Do you know which name it's under? Garbage
0%
Would you move closer if I grew quieter? Garbage
0%
Maybe this is you Garbage
0%
Maybe you don't fix and you like it like this Garbage
0%
Don't give up on me Garbage
0%
Culture forbids Glowing Eyes
0%
We have romantic fantasies about what dying truly is Glowing Eyes
0%
Fall off the grid Glowing Eyes
0%
We live for the night's decor Glowing Eyes
0%
It reveals what we dream of Glowing Eyes
0%
I know there's someone at the door Glowing Eyes
0%
They called for help, of this I'm sure Glowing Eyes
0%
But do I want to say goodbye Glowing Eyes
0%
To all the glowing eyes? Glowing Eyes
0%
I'm holding on to what I know Glowing Eyes
0%
And what I know, I must let go Glowing Eyes
0%
But I would rather play a song Glowing Eyes
0%
For the eyes to sing along Glowing Eyes
0%
We all know somebody who knows somebody who's doing great Glowing Eyes
0%
I know some people who know people who are flying straight Glowing Eyes
0%
But I'll kindly enter into rooms of depression Glowing Eyes
0%
While ceiling fans and idle hands will take my life again Glowing Eyes
0%
This room is far too dark for us to stay around Glowing Eyes
0%
Redemption's not that far, and darkness is going down Glowing Eyes
0%
I'm a goner Goner
0%
Somebody catch my breath Goner
0%
I wanna be known by you Goner
0%
Though I'm weak and beaten down Goner
0%
I'll slip away into the sound Goner
0%
The ghost of you is close to me Goner
0%
I'm inside out, you're underneath Goner
0%
I've got two faces, Blurry's the one I'm not Goner
0%
Don't let me be gone Goner
0%
I can feel my saturation leaving me slowly Good Day
0%
Oh, but you know me Good Day
0%
Low-key Good Day
0%
Would you say you depend on the weather? Good Day
0%
My sunshine Good Day
0%
Is a buzz and a light, I'll be singing out Good Day
0%
I know it's hard to believe me Good Day
0%
Lost my job, my wife and child Good Day
0%
Homie just sued me Good Day
0%
Shoot my life in shoot-'em-up style Good Day
0%
Her favorite movies Good Day
0%
Never know, never know Good Day
0%
When the next one will show, it'll show Good Day
0%
So I'ma sing my soul, I'ma sing my soul Good Day
0%
When the sun shines on the ground Guns for Hands
0%
And shows what you have done Guns for Hands
0%
That you all have guns Guns for Hands
0%
And you never put the safety on Guns for Hands
0%
I'm trying, I'm trying to sleep Guns for Hands
0%
But I can't, but I can't when you all have Guns for Hands
0%
Together, let's breathe Guns for Hands
0%
Together, to the beat Guns for Hands
0%
But there's hope out the window Guns for Hands
0%
So that's where we'll go Guns for Hands
0%
Let's go outside and all join hands Guns for Hands
0%
But until then you'll never understand Guns for Hands
0%
We've turned our hands to guns Guns for Hands
0%
Traded our thumbs for ammunition Guns for Hands
0%
I must forewarn you of my disorder, or my condition Guns for Hands
0%
'Cause when the sun sets it upsets what's left of my invested interest Guns for Hands
0%
Interested in putting my fingers to my head Guns for Hands
0%
Fused at the wrist, I simply tell them they should shoot at this Guns for Hands
0%
Simply suggest my chest and this confused music Guns for Hands
0%
It's obviously best for them to turn their guns to a fist Guns for Hands
0%
All my friends are heathens, take it slow Heathens
0%
Wait for them to ask you who you know Heathens
0%
Please don't make any sudden moves Heathens
0%
Welcome to the room of people who have rooms of people Heathens
0%
Doesn't mean our brains will change from hand grenades Heathens
0%
You'll never know the psychopath sitting next to you Heathens
0%
You'll never know the murderer sitting next to you Heathens
0%
But after all I've said, please don't forget Heathens
0%
We don't deal with outsiders very well Heathens
0%
You'll have some weird people sitting next to you Heathens
0%
(Watch it, watch it) Heathens
0%
Why'd you come? You knew you should have stayed Heathens
0%
I tried to warn you just to stay away Heathens
0%
It looks like you might be one of us Heathens
0%
I hope that they choke on smoke Heavydirtysoul
0%
'Cause I'm smoking them out the basement Heavydirtysoul
0%
Just another attempt to make the voices stop Heavydirtysoul
0%
Rapping to prove nothing, just writing to say something Heavydirtysoul
0%
This doesn't mean I lost my dream Heavydirtysoul
0%
It's just right now I got a really crazy mind to clean Heavydirtysoul
0%
Therefore, therefore I'm Heavydirtysoul
0%
Mr. Misty-eyed, therefore I'm Heavydirtysoul
0%
For me, for me Heavydirtysoul
0%
If I didn't know better I'd guess you're all already dead Heavydirtysoul
0%
You've got one time to figure it out Heavydirtysoul
0%
One time to twist, and one time to shout Heavydirtysoul
0%
One time to think and I say we start now Heavydirtysoul
0%
Sing it with me if you know what I'm talking about Heavydirtysoul
0%
Death inspires me like a dog inspires a rabbit Heavydirtysoul
0%
I'm taking over my body, back in control, no more "shotty" Holding On To You
0%
I bet a lot of me was lost Holding On To You
0%
I fought it a lot and it seems a lot like flesh is all I got Holding On To You
0%
Not any more, flesh out the door, SWAT! Holding On To You
0%
I must've forgot, you can't trust me Holding On To You
0%
I'm open a moment and closed when you show it Holding On To You
0%
Before you know it, I'm lost at sea Holding On To You
0%
And now that I write and think about it and the story unfolds Holding On To You
0%
You should take my life, you should take my soul Holding On To You
0%
Twisting the kaleidoscope behind both of my eyes Holding On To You
0%
'Cause the next moment before you know it Holding On To You
0%
Time is slowin' and it's frozen still Holding On To You
0%
You think twice about your life, it probably happens at night, right? Holding On To You
0%
Fight it, take the pain, ignite it Holding On To You
0%
Tie a noose around your mind, loose enough to breathe fine Holding On To You
0%
And tie it to a tree tell it, "You belong to me this ain't a noose, this is a leash" Holding On To You
0%
And I have news for you, you must obey me Holding On To You
0%
Lean with it, rock with it, when we gonna stop with it? Holding On To You
0%
It ain't the speakers that bump hearts, it's our hearts that make the beat Holding On To You
0%
My shadow tilts its head at me Hometown
0%
I will let the wind go quietly Hometown
0%
Be the one to take my soul and make it undone Hometown
0%
Be the one to take me home and show me the sun Hometown
0%
I know you'll make the fire, my bones will make it grow Hometown
0%
Where we're from, there's no sun Hometown
0%
Our hometown's in the dark Hometown
0%
Where we're from, we're no one Hometown
0%
Put away all the gods your father served today Hometown
0%
Put away your traditions, believe me when I say Hometown
0%
We don't know how to put back the power in our soul Hometown
0%
We don't know where to find what once was in our bones Hometown
0%
I will make you queen of everything you see House of Gold
0%
I'll cure you of disease House of Gold
0%
Let's say we up and left this town House of Gold
0%
And turned our future upside down House of Gold
0%
We'll make pretend that you and me House of Gold
0%
Lived ever after happily House of Gold
0%
And since we know that dreams are dead House of Gold
0%
So I just might become someone House of Gold
0%
I know you're not a liar Implicit Demand for Proof
0%
And I know you could set fire this day Implicit Demand for Proof
0%
Go ahead and make me look away Implicit Demand for Proof
0%
Strike me down Implicit Demand for Proof
0%
I am calling your lightening Implicit Demand for Proof
0%
Down from your dark hiding place Implicit Demand for Proof
0%
Go ahead and show me your face Implicit Demand for Proof
0%
I mean no disrespect but I am very perplexed by your ways Implicit Demand for Proof
0%
Why would you let us use your name Implicit Demand for Proof
0%
I am starting it all over once again Intentions
0%
Did I learn a thing? Intentions
0%
Intentions are everything Intentions
0%
Intentions will set you free Intentions
0%
You will fail most every day and every way Intentions
0%
Did you learn a thing? Intentions
0%
Intentions will set you free Intentions
0%
Just try to be Intentions
0%
That gives the demons and angels purpose Isle of Flightless Birds
0%
They fly around while we are walking Isle of Flightless Birds
0%
I am cold, can you hear? Isle of Flightless Birds
0%
And the ground taunts my wings Isle of Flightless Birds
0%
Plummet as I sing Isle of Flightless Birds
0%
All we are is an isle of flightless birds Isle of Flightless Birds
0%
We find our worth in giving birth and stuff Isle of Flightless Birds
0%
We're lining our homes against winding roads Isle of Flightless Birds
0%
We pick songs to sing Isle of Flightless Birds
0%
Remind us of things that nobody cares about Isle of Flightless Birds
0%
If you decide to live by Isle of Flightless Birds
0%
What you think's wrong and what's right Isle of Flightless Birds
0%
Believe me, you'll begin to wish you were sleeping Isle of Flightless Birds
0%
Your weeping will creep in your head and you'll cry Isle of Flightless Birds
0%
And the light will set us free Isle of Flightless Birds
0%
We can take apart our very heart Isle of Flightless Birds
0%
How frustrating and so degrading Isle of Flightless Birds
0%
His time, we're wasting as time will fly by Isle of Flightless Birds
0%
And the sky will cry as light is fading Isle of Flightless Birds
0%
And He is waiting, oh, so patiently Isle of Flightless Birds
0%
And please think about why you can't sleep, uh, in the evening Isle of Flightless Birds
0%
And please don't be afraid of what your soul is really thinking Isle of Flightless Birds
0%
And it's time you pick your battle Isle of Flightless Birds
0%
And I promise you, this is mine Isle of Flightless Birds
0%
He never really told his wife Johnny Boy
0%
He never really told a lie Johnny Boy
0%
But this time, he decides that it's alright Johnny Boy
0%
No one really knows his mind Johnny Boy
0%
And no one knows behind his eyes Johnny Boy
0%
The man deserves a medal Johnny Boy
0%
But he's never really won a prize before Johnny Boy
0%
He goes to lock the door Johnny Boy
0%
He knows it's enough Johnny Boy
0%
But the world looks down and frowns Johnny Boy
0%
Get up, Johnny Boy Johnny Boy
0%
Get up, 'cause the world has left you lying on the ground Johnny Boy
0%
You're my pride and joy, you're my pride and joy Johnny Boy
0%
Someone said, "Away you go!" Johnny Boy
0%
And someone said to you, "Goodbye." Johnny Boy
0%
They deflect the disrespect Johnny Boy
0%
When they say that they blame it on the times Johnny Boy
0%
We all know you're qualified Johnny Boy
0%
To fix a chair and love your wife Johnny Boy
0%
But they lie when they blame it on the times Johnny Boy
0%
I will carry all your names and I will carry all your shame Johnny Boy
0%
(Cover me) Jumpsuit
0%
I can't believe how much I hate Jumpsuit
0%
Pressures of a new place roll my way Jumpsuit
0%
Jumpsuit, jumpsuit, cover me Jumpsuit
0%
I crumble underneath the weight Jumpsuit
0%
Pressures of a new place roll my way Jumpsuit
0%
Spirits in my room, friend or foe? Jumpsuit
0%
Felt it in my youth, feel it when I'm old Jumpsuit
0%
I'll be right there Jumpsuit
0%
If you need anyone Jumpsuit
0%
I'll stop my plans Jumpsuit
0%
But you'll have to tie me down and then break both my hands Jumpsuit
0%
Nobody thinks what I think Kitchen Sink
0%
Nobody dreams when they blink Kitchen Sink
0%
Think things are after me, I'm my catastrophe Kitchen Sink
0%
At my kitchen sink Kitchen Sink
0%
You don't know what that means Kitchen Sink
0%
Because a kitchen sink to you is not a kitchen sink to me Kitchen Sink
0%
Are you searching for purpose? Kitchen Sink
0%
Then paint something, and it might be wordless Kitchen Sink
0%
Pointless curses, nonsense verses Kitchen Sink
0%
You'll see purpose start to surface Kitchen Sink
0%
No one else is dealing with your demons Kitchen Sink
0%
Of your meaning, friend Kitchen Sink
0%
Go away, go away Kitchen Sink
0%
Empathy might be on the brink of extinction Kitchen Sink
0%
They will play a game Kitchen Sink
0%
And I tried to come up with an artistic way to say Kitchen Sink
0%
They don't know you Kitchen Sink
0%
And neither do I Kitchen Sink
0%
So here's a prime example of a stand-up guy who Kitchen Sink
0%
Hates what he believes and loves it at the same time Kitchen Sink
0%
Here's my brother Kitchen Sink
0%
And his head's screwed up, but that's all right Kitchen Sink
0%
They say, "stay in your lane, boy" Lane Boy
0%
They think this thing is a highway Lane Boy
0%
But will they be alive tomorrow? Lane Boy
0%
If it was our way, we'd have a tempo change every other time change Lane Boy
0%
Regardless, all these songs I'm hearing are so heartless Lane Boy
0%
There's a few songs on this record that feel common Lane Boy
0%
I'm in constant confrontation with what I want and what is poppin' Lane Boy
0%
My creativity's only free when I'm playing shows Lane Boy
0%
I'm sorry if that question I asked last Lane Boy
0%
Scared you a bit like a hazmat, in a gas mask Lane Boy
0%
If you ask Zack, he's my brother, he likes when I rap fast Lane Boy
0%
But let's backtrack Lane Boy
0%
Back to this Lane Boy
0%
Who would you live and die for on that list? Lane Boy
0%
But the problem is, there's another list that exists Lane Boy
0%
If you get in between someone I love and me Lane Boy
0%
You're gonna feel the heat of my cavalry Lane Boy
0%
From the floor to the ceiling Lavish
0%
You're looking real nice, smelling like worth Lavish
0%
And if your feet are hurting Lavish
0%
Then that's when you know you brought the right equipment to put on a show Lavish
0%
And let it flow, let it show, shine Lavish
0%
Let it show, let it flow, shine Lavish
0%
Got that penny loafer squeak, 'cross linoleum Lavish
0%
I say whatever and whatever that I want Lavish
0%
Room on the payroll, everyone can live comfortably Lavish
0%
I'm coming in hot, hot shot hypocrisy Lavish
0%
Keep it cool, keep the mood androgynous Lavish
0%
Got both hands on your shoulder while you're bottomless Lavish
0%
I'm tired of tending to this fire Leave the City
0%
I've used up all I've collected Leave the City
0%
I have singed my hands Leave the City
0%
It's glowing Leave the City
0%
Embers barely showing Leave the City
0%
Proof of life in the shadows Leave the City
0%
Dancing on my plans Leave the City
0%
They know that it's almost over Leave the City
0%
The burning is so low it's concerning Leave the City
0%
'Cause they know that when it goes out Leave the City
0%
It's a glorious gone Leave the City
0%
It's only time before they show me Leave the City
0%
Why no one ever comes back with details from beyond Leave the City
0%
For now, I will stay alive Leave the City
0%
Last year, I needed change of pace Leave the City
0%
Couldn't take the pace of change Leave the City
0%
Moving hastily Leave the City
0%
But this year, though I'm far from home Leave the City
0%
In Trench, I'm not alone Leave the City
0%
These faces facing me Leave the City
0%
They know what I mean Leave the City
0%
Traveling around this sun Legend
0%
I wish she knew you Legend
0%
Now everybody knows Legend
0%
Alright Legend
0%
You're a legend in my own mind Legend
0%
My middle name Legend
0%
My goodbye Legend
0%
You were here when I wrote this Legend
0%
But the masters and mixes Legend
0%
Will take too long to finish to show you Legend
0%
Did not know how to take it Legend
0%
When your eyes did not know me like I know you Legend
0%
Then the day that it happened Legend
0%
I recorded this last bit Legend
0%
I look forward to having Legend
0%
A lunch with you again Legend
0%
(Need you, tell me) Level of Concern
0%
Panic on the brain Level of Concern
0%
World has gone insane Level of Concern
0%
Things are starting to get heavy Level of Concern
0%
I can't help but think I haven't felt this way Level of Concern
0%
Since I asked you to go steady Level of Concern
0%
Wonderin' would you be my little quarantine? Level of Concern
0%
Julie starts to make me nervous Level of Concern
0%
I don't really care what they would say Level of Concern
0%
I'm asking you to stay Level of Concern
0%
In my bunker underneath the surface Level of Concern
0%
Just need you to tell me we're alright Level of Concern
0%
Tell me we're okay Level of Concern
0%
(In a world where you could just lie to me) Level of Concern
0%
(And I'd be okay, we'll be okay) Level of Concern
0%
I learned to fire-breathe Levitate
0%
And though I feed on things that fell Levitate
0%
You can learn to levitate with just a little help Levitate
0%
Cowards only come through when the hour's late Levitate
0%
And everyone's asleep, mind you Levitate
0%
Now show up, show up Levitate
0%
I know I shouldn't say this Levitate
0%
But a curse from you is all that I would need right now, man Levitate
0%
Danger in the fabric of this thing I made Levitate
0%
My heart is with you hiding, but my mind's not made Levitate
0%
But this is not enough Levitate
0%
This is not what you thought Levitate
0%
I got back what I once bought back Levitate
0%
In that slot I won't need to replace Levitate
0%
This culture is a poacher of overexposure, not today Levitate
0%
Don't feed me to the vultures Levitate
0%
I am a vulture who feeds on pain Levitate
0%
I thought I could depend on my weekends Levitate
0%
On the freezing ground that I'm sleeping on Levitate
0%
Down from the ledges Levitate
0%
Better test it, wooden wedges under doorways Levitate
0%
Chorus, verse, chorus, verse now here comes the eight Levitate
0%
Wait, habits here too, you're the worst your structure compensates Levitate
0%
But compensation feels a lot like rising up to dominate by track two Levitate
0%
At least they all know all they hear comes from a place Levitate
0%
You say things with your mouth, cobwebs and flies come out Lovely
0%
I hear a second voice behind your tongue somehow Lovely
0%
Luckily I can read your mind, flies and cobwebs unwind Lovely
0%
They will not take you down, they will not cast you out, out Lovely
0%
Dear friend, here we are again Lovely
0%
Pretending to understand how you think your world is ending Lovely
0%
It's hard to tell the difference between blood and water these days Lovely
0%
Is one is trying, that's all we're called to do Lovely
0%
So try to love me and I'll try to save you Lovely
0%
I will make you believe you are lovely Lovely
0%
Your redemption won't grow stale Lovely
0%
We are now just setting sail Lovely
0%
On the seas of what we fear Lovely
0%
Treason now is growing near to me Lovely
0%
I'm coming clean Lovely
0%
God, hit me straight on Lovely
0%
Don't be gone Lovely
0%
There's miles of land in front of us March To the Sea
0%
And we're dying with every step we take March To the Sea
0%
We're dying with every breath we make March To the Sea
0%
And I'll fall in line March To the Sea
0%
A stranger's back is all I see March To the Sea
0%
He's only a few feet in front of mee March To the Sea
0%
And I'll look left and right sometimes March To the Sea
0%
But I'll fall in line March To the Sea
0%
And Heaven forbid they see you cry March To the Sea
0%
And about this time of every year March To the Sea
0%
The line will go to the ocean pier March To the Sea
0%
And walk right off into the sea March To the Sea
0%
And as we near the end of land March To the Sea
0%
I ask myself the question why I fall in line March To the Sea
0%
Then out of the corner of my eye March To the Sea
0%
I see a spaceship in the sky March To the Sea
0%
And hear a voice inside my head March To the Sea
0%
Follow me instead March To the Sea
0%
Then the wages of war will start March To the Sea
0%
Inside my head with my counterpart March To the Sea
0%
And the emotionless marches will chant the phrase March To the Sea
0%
The loser hides behind a mask of my disguise Message Man
0%
And who I am today is worse than other times Message Man
0%
You don't know what I've done Message Man
0%
So I'm taking this moment to live in the future Message Man
0%
I'm obsessing, all these questions Message Man
0%
Why I'm in denial that they tried this suicidal session Message Man
0%
Please use discretion when you're messing with the message man Message Man
0%
These lyrics aren't for everyone only few understand Message Man
0%
You don't know my brain the way you know my name Message Man
0%
Hope you're dead 'cause how could you sleep at a time like this? Message Man
0%
People they rhyme like this, we're all impressed by this Message Man
0%
They rip it, flip it but these are just triplets Message Man
0%
Wrote this in three minutes, three words to a line Message Man
0%
It's just poetry divided Message Man
0%
I'm the kind of guy, who takes every moment, he knows he can fight it Message Man
0%
Life is up here but you comment below Message Man
0%
So your brain knows to keep going even though hope Message Man
0%
Is far from this moment Message Man
0%
But you and I know it gets better when morning finally rears its head Message Man
0%
You can be so cold, I'll try again Midwest Indigo
0%
You can be so cold, Midwest Indigo Midwest Indigo
0%
To scrape the frosted windshield Midwest Indigo
0%
Like we're barely scraping by Midwest Indigo
0%
Concentrate on the little gap in the ice Midwest Indigo
0%
Did you pull up yet Midwest Indigo
0%
Not yet! Midwest Indigo
0%
Did you forget we're tight on time? Midwest Indigo
0%
Cloud coverage matched my outfit to a knife Midwest Indigo
0%
I requested counsel with the counselor Midwest Indigo
0%
And he cancelled twice Midwest Indigo
0%
It's a different blue, it's deeper than it's been Midwest Indigo
0%
I'll be pulling into the parking lot before the heat kicks in Midwest Indigo
0%
What's your ETA? Midwest Indigo
0%
Two minutes! Midwest Indigo
0%
And I want love and sunny days Midwest Indigo
0%
I'm a bit too old to run away Midwest Indigo
0%
Thank God it's Friday 'cause Fridays will always be better than Sundays Migraine
0%
'Cause Sundays are my suicide days Migraine
0%
Thunderstorms, clouds, snow, and a slight drizzle Migraine
0%
Whether it's the weather or the letters by my bed Migraine
0%
That's represented best by my depressing thoughts Migraine
0%
Am I the only one I know Migraine
0%
Waging my wars behind my face and above my throat? Migraine
0%
Shadows will scream that I'm alone Migraine
0%
But I know, we've made it this far, kid Migraine
0%
I am not as fine as I seem, pardon Migraine
0%
A difficult beast feasting on burnt down trees Migraine
0%
Freeze frame, please let me paint a mental picture portrait Migraine
0%
And how it is a door that holds back contents Migraine
0%
That makes Pandora's box contents look non-violent Migraine
0%
I did not know it was such a violent island Migraine
0%
Full of tidal waves, suicidal crazed lions Migraine
0%
They're trying to eat me, blood running down their chin Migraine
0%
And I know that I can fight, or I can let the lion win Migraine
0%
'Cause sometimes to stay alive, you gotta kill your mind Migraine
0%
And keep it frozen and know that life has a hopeful undertone Migraine
0%
For now I see that 'if' and 'when' are truly different cries Morph
0%
For 'if' is purely panic, and 'when' is solemn sorrow Morph
0%
And one invades today, while the other spies tomorrow Morph
0%
We're surrounded, and we're hounded Morph
0%
There's no 'above, ' or 'under, ' or 'around' it Morph
0%
And 'around' is scientific miracle, let's pick 'above' and see Morph
0%
For if and when we go 'above, ' the question still remains Morph
0%
Are we still in love, and is it possible we feel the same? Morph
0%
But until that time, I'll try to sing this Morph
0%
What they throw at me's too slow Morph
0%
I'm just a ghost Morph
0%
He's got no friends close, but those who know him most know Morph
0%
He goes by Nico Morph
0%
He told me I'm a copy Morph
0%
When I'd hear him mock me, that's almost stopped me Morph
0%
There's no above or a secret door Morph
0%
What are we here for Morph
0%
Lights they blink to me, transmitting things to me Morph
0%
Ones and zeroes, ergo this symphony Morph
0%
Count to infinity Morph
0%
Not done, not done, not done Morph
0%
Josh Dun Morph
0%
(One, two, three, yeah) Mulberry Street
0%
There's nothing wrong with this Mulberry Street
0%
Keep your sunny days Mulberry Street
0%
Leave us in the rain Mulberry Street
0%
Tie strings to our hands and feet Mulberry Street
0%
You can have the weekends Mulberry Street
0%
We will live between them Mulberry Street
0%
Keep your pills, save your breath Mulberry Street
0%
And don't ever forget Mulberry Street
0%
Get out of our way Mulberry Street
0%
We're moving sideways Mulberry Street
0%
Welcome to Mulberry Street Mulberry Street
0%
Keep sidewalk under your feet Mulberry Street
0%
Ain't no sunny skies, 'til you finally realize Mulberry Street
0%
That everybody relies on synthetic highs Mulberry Street
0%
They find someone to prescribe Mulberry Street
0%
We just wanna feel it all Mulberry Street
0%
When times aren't the best Mulberry Street
0%
And I'm on the edge Mulberry Street
0%
So good to see you Mulberry Street
0%
And go with you My Blood
0%
Surrounded and up against a wall My Blood
0%
I'll shred them all My Blood
0%
You must defend My Blood
0%
I'll grab my bat My Blood
0%
Stay with me My Blood
0%
No, you don't need to run My Blood
0%
Stay with me, my blood My Blood
0%
You don't need to run My Blood
0%
People posted up at the end of your driveway My Blood
0%
I'll bomb down on them, I'm coming through My Blood
0%
Do they know I was grown with you? My Blood
0%
If they're here to smoke, know I'll go with you My Blood
0%
Just keep it outside, keep it outside My Blood
0%
I'll jump right in My Blood
0%
And pull my pin My Blood
0%
Don't know how long it's been Navigating
0%
I can't seem to turn the page Navigating
0%
This haze around my face Navigating
0%
Makes me feel all alone Navigating
0%
I'm navigating Navigating
0%
Give me some advice Navigating
0%
I am wasting all this time Navigating
0%
How things change so rapidly Navigating
0%
I find my self-esteem Navigating
0%
Then turn so cold Navigating
0%
Since I responded to your question Navigating
0%
If you really wanna know what I'm thinking Navigating
0%
Kind of feels like everybody leaves Navigating
0%
My dad just lost his mom, I think that everybody leaves Navigating
0%
And I'm trying to hold onto you Navigating
0%
'Cause everybody leaves Navigating
0%
Well, I want you to follow me down to the bottom Neon Gravestones
0%
Underneath the insane asylum Neon Gravestones
0%
Keep your wits about you while you got 'em Neon Gravestones
0%
And my problem? Neon Gravestones
0%
My opinion, our culture can treat a loss Neon Gravestones
0%
Like it's a win and right before we turn on them Neon Gravestones
0%
And hang their banner from a ceiling Neon Gravestones
0%
Communicating, further engraving Neon Gravestones
0%
An earlier grave is an optional way, no Neon Gravestones
0%
Don't get it twisted Neon Gravestones
0%
I could use the streams and extra conversations Neon Gravestones
0%
I could give up, and boost up my reputation Neon Gravestones
0%
I could go out with a bang, they would know my name Neon Gravestones
0%
They would host and post a celebration Neon Gravestones
0%
My opinion will not be lenient Neon Gravestones
0%
My opinion, it's real convenient Neon Gravestones
0%
Our words are loud, but now I'm talking action Neon Gravestones
0%
They say "How could he go if he's got everything?" Neon Gravestones
0%
I'll mourn for a kid, but won't cry for a king Neon Gravestones
0%
Call, call, call Neon Gravestones
0%
Promise me this Neon Gravestones
0%
If I lose to myself Neon Gravestones
0%
You won't mourn a day and you'll move onto someone else Neon Gravestones
0%
But they won't get them Neon Gravestones
0%
Is beating a stigma that no longer scares us Neon Gravestones
0%
But for sake of discussion, in spirit of fairness Neon Gravestones
0%
Could we give this some room for a new point of view? Neon Gravestones
0%
And could it be true that some could be tempted Neon Gravestones
0%
To use this mistake as a form of aggression Neon Gravestones
0%
A form of succession, a form of a weapon Neon Gravestones
0%
I'm not disrespecting what was left behind Neon Gravestones
0%
Maybe we swap out what it is that we hold so high Neon Gravestones
0%
Find your grandparents or someone of age Neon Gravestones
0%
To life they were dedicated now, that should be celebrated Neon Gravestones
0%
Now that they know information Never Take It
0%
Is just a currency and nothing more Never Take It
0%
'Cause they keep lying through their fake teeth Never Take It
0%
They're trying hard to weaponize Never Take It
0%
They're asking for a second try Never Take It
0%
When you're the treatment facility? Never Take It
0%
How can we seek restitution Never Take It
0%
You and I will never take it from 'em Never Take It
0%
Taught myself to play guitar, tearing it up Never Take It
0%
And my advice on those two things that I picked up Never Take It
0%
Can't break down Next Semester
0%
Graduate now Next Semester
0%
I don't wanna be here Next Semester
0%
Can you die of anxiousness? Next Semester
0%
What's about to happen? Next Semester
0%
I remember, I remember certain things Next Semester
0%
What I was wearing Next Semester
0%
I prayed those lights would take me home Next Semester
0%
Then I heard, "Hey, kid, get out of the road!" Next Semester
0%
Can't fell my legs Next Semester
0%
I might suffocate Next Semester
0%
There's a pressure in my chest Next Semester
0%
Can't change what you've done Next Semester
0%
Start fresh Next Semester Next Semester
0%
I don't wanna be here, start fresh with a new year Next Semester
0%
I'm fearless when I hear this on the low Nico And The Niners
0%
I'm careless when I wear my rebel clothes Nico And The Niners
0%
Dema don't control us Nico And The Niners
0%
They want to make you forget Nico And The Niners
0%
I'm heavy, my jumpsuit is on steady Nico And The Niners
0%
I'm lighter when I'm lower Nico And The Niners
0%
What I say when I want to be enough Nico And The Niners
0%
What a beautiful day for making a break for it Nico And The Niners
0%
We'll find a way to pay for it Nico And The Niners
0%
Maybe from all the money we made razorblade stores Nico And The Niners
0%
Rent a race horse and force a sponsor Nico And The Niners
0%
Start a mob and you can be quite certain Nico And The Niners
0%
We'll win but not everyone will get out Nico And The Niners
0%
We come for you No Chances
0%
In my house, shoes on a foot race No Chances
0%
Get the door to blow you away No Chances
0%
Flamethrower, you're a switchblade No Chances
0%
With my shoulders square and my back straight No Chances
0%
Go a good base and a loose tongue No Chances
0%
Notorious in the octagon, now No Chances
0%
We got people on the way No Chances
0%
(run away, run away) No Chances
0%
We get bodies every day No Chances
0%
Put together pieces? No Chances
0%
We spend some weekends on the grind No Chances
0%
Surveillance is outside, we see when you arrive No Chances
0%
Ride or die, my son No Chances
0%
I look outside and see a whole world better off Not Today
0%
You are out of my mind Not Today
0%
You aren't seein' my side Not Today
0%
You waste all this time tryin' to get to me Not Today
0%
But you are out of my mind Not Today
0%
Listen, I know Not Today
0%
This one's a contradiction because of how happy it sounds Not Today
0%
It's okay though because it represents, wait, better yet it is Not Today
0%
Tore the curtains down, windows open, now make a sound Not Today
0%
Heard your voice, "there's no choice" Not Today
0%
Oh, don't you test me, no Not Today
0%
Just because I play the piano Not Today
0%
I'm sorry Not Today
0%
I'm not seein' things right Not Today
0%
I waste all this time tryin' to run from you Not Today
0%
But I'm, I'm out of my mind Not Today
0%
To rip my heart apart and start planning my crash landing Ode To Sleep
0%
I go up, up, up, up, up to the ceiling Ode To Sleep
0%
Then I feel my soul start leaving like an old man's hair receding Ode To Sleep
0%
I'm pleading, "Please, oh please!" on my knees repeatedly asking Ode To Sleep
0%
Why it's got to be like this, is this living free? Ode To Sleep
0%
I don't wanna be the one, be the one who has the Sun's blood on my hands Ode To Sleep
0%
I'll tell the moon Ode To Sleep
0%
Take this weapon forged in darkness Ode To Sleep
0%
Some see a pen, I see a harpoon Ode To Sleep
0%
I don't hear those voices calling Ode To Sleep
0%
They told me I was gone Ode To Sleep
0%
Do I threaten all your plans? I'm insignificant Ode To Sleep
0%
I will set my soul on fire, what have I become? Ode To Sleep
0%
As the trees, they await, and clouds anticipate Ode To Sleep
0%
The start of a day when we put on our face Ode To Sleep
0%
A mask that portrays that we don't need grace Ode To Sleep
0%
On the eve of a day that is bigger than us Ode To Sleep
0%
But we open our eyes 'cause we're told that we must Ode To Sleep
0%
And the trees wave their arms and the clouds try to plead Ode To Sleep
0%
Desperately yelling, "There's something we need!" Ode To Sleep
0%
I'm afraid to tell you who I adore, won't tell you who I'm singing towards Ode To Sleep
0%
Metaphorically, I'm a whore, and that's denial number four Ode To Sleep
0%
Your twisted mind is like snow on the road Oh Ms. Believer
0%
I will tell you I love you Oh Ms. Believer
0%
But the muffs on your ears will cater your fears Oh Ms. Believer
0%
We get colder as we grow older Oh Ms. Believer
0%
We will walk so much slower Oh Ms. Believer
0%
Please, take my hand, we're in foreign land Oh Ms. Believer
0%
Only consistency in your periphery Oldies Station
0%
Is fear and the bridge of your nose Oldies Station
0%
You learn to tune 'em out Oldies Station
0%
But they say they continue to grow Oldies Station
0%
Fear of the past and relative pain Oldies Station
0%
Future's coming fast, you've got nothing in the tank Oldies Station
0%
In a season of purging things you used to love Oldies Station
0%
Everything must go, mm-hmm Oldies Station
0%
Make an oath then make mistakes Oldies Station
0%
When darkness rolls on you Oldies Station
0%
Then before you know, you lose some people close Oldies Station
0%
Forcing you to manage your pace Oldies Station
0%
Found your capacity for love and tragedy Oldies Station
0%
Embracing how things always change Oldies Station
0%
In a season of lessons learned in giving up Oldies Station
0%
You learn what you can and can't take Oldies Station
0%
Add some years, build some trust Oldies Station
0%
You don't quite mind Oldies Station
0%
You don't quite mind how long red lights are taking Oldies Station
0%
Your favorite song was on the oldies station Oldies Station
0%
You're in the crowd at her first dance recital Oldies Station
0%
I wanted to fly One Way
0%
But they say a system's coming in One Way
0%
The chances are high One Way
0%
Can I take back who I was before? One Way
0%
Not been interesting in a while One Way
0%
Me and my scene just ain’t gelling One Way
0%
Someone next to me keeps yelling One Way
0%
Why am I still walking? One Way
0%
Something must be wrong here One Way
0%
I just don't belong here One Way
0%
(Diese kleine heimliche Insel hat mich zu einer Waffe gemacht) Overcompensate
0%
(Cette petite île étrange a fait de moi une arme) Overcompensate
0%
(Esta pequeña isla espeluznante me ha convertido en un arma) Overcompensate
0%
Earned my stripes, three hundred tracks in my Adidas track jacket Overcompensate
0%
I feel like I was just here, same twitchin' in my eyes Overcompensate
0%
Don't sleep on a boy who can't fall asleep twice Overcompensate
0%
I said I fly by the dangerous bend symbol Overcompensate
0%
Where am I from? Overcompensate
0%
Originated right in front of your eyes Overcompensate
0%
If you can't see, I am Clancy Overcompensate
0%
Prodigal son, done running Overcompensate
0%
Come up with Josh Dun Overcompensate
0%
Wanted dead or alive Overcompensate
0%
So now you pick who you serve Overcompensate
0%
You bow to the masses Overcompensate
0%
Save half for your taxes Overcompensate
0%
Then overtake your former self Overcompensate
0%
I don't need them any longer Overcompensate
0%
But for goodness sake Overcompensate
0%
I can't be alone Paladin Strait
0%
Guess I never told you so Paladin Strait
0%
Making my way towards you Paladin Strait
0%
Tracing out a line Paladin Strait
0%
A route I've mapped a thousand times Paladin Strait
0%
Just a glimpse of visual aid Paladin Strait
0%
Of you on the other shoreline Paladin Strait
0%
Waiting, expectations that I'm gonna make it Paladin Strait
0%
Standing on the shore Paladin Strait
0%
Staring down a hurtling storm Paladin Strait
0%
Water rips with rage Paladin Strait
0%
Here's my chance, time to take it Paladin Strait
0%
Can't be sure that I'll make it Paladin Strait
0%
Even though I'm past the point of no return Paladin Strait
0%
Put my money where my mouth is Paladin Strait
0%
On the ground are Banditos Paladin Strait
0%
Climb the top of the tower Paladin Strait
0%
Show yourself, I yell louder Paladin Strait
0%
(So few, so proud, so emotional) Paladin Strait
0%
(Hello, Clancy) Paladin Strait
0%
I am on an island, no one to confide Pet Cheetah
0%
So I'll take this beat, I should delete to exercise Pet Cheetah
0%
I want to stop time Pet Cheetah
0%
I'll sit here 'til I find the problem Pet Cheetah
0%
I've got a pet cheetah down in my basement Pet Cheetah
0%
I've trained him to make me these beats Pet Cheetah
0%
Now my pet cheetah's quicker in the studio than on his feet Pet Cheetah
0%
I'ma get mine and get going Pet Cheetah
0%
I'm showing my faces in just enough places Pet Cheetah
0%
I'm done with tip-toeing Pet Cheetah
0%
I'll stay in my room Pet Cheetah
0%
My house is the one where the vultures are perched on the roof Pet Cheetah
0%
I bet this nepotistic mindset Pet Cheetah
0%
Will help us get ours as we're growing Pet Cheetah
0%
This clique means so much to this dude Pet Cheetah
0%
It could make him afraid of his music Pet Cheetah
0%
And be scared to death he could lose it Pet Cheetah
0%
Those stairs is where I'll be hidin' all my problems Polarize
0%
My friends and I, we got a lot of problems Polarize
0%
You know where I'm coming from Polarize
0%
Though I am running to you Polarize
0%
All I feel is deny, deny, denial Polarize
0%
Wanted to be a better adversary to the evil I have done Polarize
0%
I have none to show to the one I love Polarize
0%
Separating 'em, splitting 'em up from wrong and right Polarize
0%
It's deciding where to die and deciding where to fight Polarize
0%
Domingo en fuego Polarize
0%
I think I lost my halo Polarize
0%
I don't know where you are Polarize
0%
You'll have to come and find me, find me Polarize
0%
Raw fear moves me, sounds of empty Uzis RAWFEAR
0%
Life is just forever nipping heels, never slowing down RAWFEAR
0%
Life is just forever gripping feels, never slowing down RAWFEAR
0%
You know what scares me? Nah, it's stupid RAWFEAR
0%
You've met my fears, they're all regulars RAWFEAR
0%
Wait, who's the new kid? RAWFEAR
0%
And now I can't seem to sit still any longer RAWFEAR
0%
Learning all that really matters is a slow and painful lesson RAWFEAR
0%
Try to micro-dose to immunity but you'll never, ever get it RAWFEAR
0%
"What's the matter?" isn't helping RAWFEAR
0%
I wish her parents would stop yelling RAWFEAR
0%
Try to micro-dose to immunity but I'll never see the ending RAWFEAR
0%
Not getting stronger RAWFEAR
0%
(There was a wonderful structure to the city) Redecorate
0%
(And it put my cares to rest) Redecorate
0%
Taking inventory of his life Redecorate
0%
Seeing snapshots chronologically in line Redecorate
0%
Something told him he should look around and tidy up Redecorate
0%
Tried looking at it from a new perspective Redecorate
0%
Never asked permissions he just hopes that they forgive Redecorate
0%
I don't want to go like this Redecorate
0%
I don't want to leave like this Redecorate
0%
'Cause the last thing I want to do is Redecorate
0%
Make my people make decisions Redecorate
0%
Wondering what to do Redecorate
0%
Should they keep it on display Redecorate
0%
Blankets over mirrors, she tends to like it Redecorate
0%
She's not afraid of her reflection Redecorate
0%
She had plans to change her name Redecorate
0%
Just not the traditional way Redecorate
0%
Haunted by a couple big mistakes Redecorate
0%
She covers all the dents with the way she decorates Redecorate
0%
Then one night she got cold with no blankets on her bed Redecorate
0%
So she ripped them off the mirror, stepped back and she said Redecorate
0%
With the bells and the whistles scaled back Redecorate
0%
Like an isolated track Redecorate
0%
And he feels trapped when he's not inebriated Redecorate
0%
Fair to say he's fairly sedated most days of the week Redecorate
0%
He might have made it if he lived on a different street Redecorate
0%
I repeat, scaled back and isolated Redecorate
0%
If you're running to his room, take a breath before you break-in Redecorate
0%
Put your ear up to the door Redecorate
0%
Tell me can you hear him saying? Redecorate
0%
I know it's hard sometimes Ride
0%
But it's fun to fantasize Ride
0%
On my enemies who wouldn't wish who I was Ride
0%
I'm fallin' so I'm taking my time on my ride Ride
0%
We have a list of people that we would take Ride
0%
A bullet for them, a bullet for you Ride
0%
But I don't seem to see many bullets coming through Ride
0%
Metaphorically, I'm the man Ride
0%
But literally, I don't know what I'd do Ride
0%
I'd live for you and that's hard to do Ride
0%
Even harder to say, when you know it's not true Ride
0%
Even harder to write, when you know that's a lie Ride
0%
There were people back home who tried talking to you Ride
0%
But then you ignore them still Ride
0%
All these questions they're for real Ride
0%
I've been thinking too much Ride
0%
Help me Ride
0%
They keep me company Robot Voices
0%
The robots and machines in my room Robot Voices
0%
An understanding Robot Voices
0%
The only advice I take Robot Voices
0%
The inside jokes are landing Robot Voices
0%
Now I'm waiting for the changes Robot Voices
0%
Feeling so fancy Robot Voices
0%
The lines on the floor Robot Voices
0%
How did you find me? Robot Voices
0%
I wasn't lookin' for love this year Robot Voices
0%
But my robot told me that I shouldn't fear Robot Voices
0%
When I met you, I found you safe and warm Robot Voices
0%
Then the robot voices would reassure me Robot Voices
0%
The half-drawn blinds Robot Voices
0%
Casting lines on the floor Robot Voices
0%
The daisy-chained power strips generating Robot Voices
0%
A newfound loneliness Robot Voices
0%
Walk the layout, routines in the night Routines In The Night
0%
While all the world's asleep, I walk around instead Routines In The Night
0%
Here comes a new night but I'll send it through Routines In The Night
0%
I'll probably jump on the next one Routines In The Night
0%
I'm testing the limits of what a mind can do Routines In The Night
0%
I'm keeping my eyelids up, no matter what Routines In The Night
0%
So beautiful, the space between Routines In The Night
0%
A painful reminder and a terrible dream Routines In The Night
0%
I've been here before and I've got time Routines In The Night
0%
I'll give you the tour, show you why I Routines In The Night
0%
Reoccurring, keeps coming around Routines In The Night
0%
It's reassuring you keep coming around Routines In The Night
0%
It's tough to find good company Routines In The Night
0%
I'm still learning what this is Routines In The Night
0%
Just keep me company Routines In The Night
0%
I've waited all this week Ruby
0%
For you to walk my way Ruby
0%
Your soul will capture me Ruby
0%
Your mama painted your room a shade of pink, she said Ruby
0%
Ruby, take my hand Ruby
0%
Please lead me to the Promised Land Ruby
0%
Tell me, where am I from? Ruby
0%
Your eyes say, sha-da-dee-da-dum Ruby
0%
You're an angel fallen down Ruby
0%
You have fallen from the sky Ruby
0%
How high, how high? Ruby
0%
You're true and pure Ruby
0%
You hold the cure Ruby
0%
We're all diseased Ruby
0%
You hold the key Ruby
0%
Slow down on Monday Saturday
0%
Not a sound on Wednesday Saturday
0%
Might get loud on Friday Saturday
0%
But on Saturday we paint the town Saturday
0%
Lose my sense a time or two Saturday
0%
Medicate in the afternoon Saturday
0%
And I just want to know Saturday
0%
Have you lost your footing too? Saturday
0%
Catch me floating circles in my fishbowl Saturday
0%
Keep things fresh Saturday
0%
She said that I should change my clothes Saturday
0%
I exaggerate the life we used to know Saturday
0%
You're good Saturday
0%
These are my dancing shoes Saturday
0%
Thought I would dance with you Saturday
0%
Life moves slow on the ocean floor Saturday
0%
(feeling great) Saturday
0%
I can't feel the waves anymore Saturday
0%
(I'll just to go to bed, I'm tired) Saturday
0%
(If you feel like you have time to do a song or you're inspired) Saturday
0%
I do not know why I would go Screen
0%
In front of you and hide my soul Screen
0%
'Cause you're the only one who knows it Screen
0%
And I will hide behind my pride Screen
0%
Don't know why I think I could lie Screen
0%
I'm trying to be so cool Screen
0%
I can't see past my own nose Screen
0%
Look out below crashing down to the ground Screen
0%
Just like a vertical locomotive, that's a train Screen
0%
Am I painting the picture that's in my brain? Screen
0%
A train from the sky, locomotive, my motives are insane Screen
0%
Who know if I flow on a song, I'll get no radio play Screen
0%
While you're doing fine, there's some people and I Screen
0%
Who have a really tough time getting through this life Screen
0%
So excuse us while we sing to the sky Screen
0%
We're broken Screen
0%
We're broken people Screen
0%
Night falls, with gravity Semi-Automatic
0%
The Earth turns, from sanity Semi-Automatic
0%
He leaves a lot, his name is Hope Semi-Automatic
0%
I'm double-sided Semi-Automatic
0%
And I just can't hide Semi-Automatic
0%
I kinda like it when I make you cry Semi-Automatic
0%
'Cause I'm twisted up, I'm twisted up, inside Semi-Automatic
0%
The horrors of the night melt away Semi-Automatic
0%
Then we move on Semi-Automatic
0%
My shadow grows taller along with my fears Semi-Automatic
0%
And my frame shrinks smaller as night grows near Semi-Automatic
0%
And the silver lining rides the hills Semi-Automatic
0%
Until the sun makes the hills its grave Semi-Automatic
0%
My prayer's schizophrenic Semi-Automatic
0%
By the time the night wears off Semi-Automatic
0%
The dust is down and shadows burn Semi-Automatic
0%
I will rise and stand my ground Semi-Automatic
0%
Waiting for the night's return Semi-Automatic
0%
When I get home Shy Away
0%
You better not be there we're placing bets you won't Shy Away
0%
Shed your modesty Shy Away
0%
And the only thing to leave behind is your own skin Shy Away
0%
Manifest a ceiling Shy Away
0%
Just like an "I love you" Shy Away
0%
That isn't words Shy Away
0%
Don't circle the track Shy Away
0%
Take what you have Shy Away
0%
And leave your skin on the floor Shy Away
0%
Just break the cycle in half Shy Away
0%
Hey, hey wouldn't it be great, great Slowtown
0%
Today-day I wanna go away-way Slowtown
0%
'Cause things are too fast now Slowtown
0%
I wanna be in Slowtown Slowtown
0%
I put my socks on my feet Slowtown
0%
And I walk through my door Slowtown
0%
I remember when my brother and other kids from neighboring houses Slowtown
0%
Would get together, I'd ride my bike and my brother would ride his Slowtown
0%
Put cards in our spokes and make our engines sound like traffic Slowtown
0%
When using Pokémon cards, please do not use the holographics Slowtown
0%
So bold and fearless in the risks we'd take Slowtown
0%
Laugh in the face of gravity as its laws we'd break Slowtown
0%
On trampolines so high, we'd reach for the sky Slowtown
0%
But I do not look up anymore, uh, and I don't know why Slowtown
0%
We're going too fast, fast, save us Slowtown
0%
(Just singin') Slowtown
0%
You know, I've always been collected, calm and chill Smithereens
0%
And you know, I never look for conflict for the thrill Smithereens
0%
But if I'm feeling Smithereens
0%
Someone stepping towards you Smithereens
0%
Can't describe just what I'm feeling Smithereens
0%
For you, I'd go step to a dude much bigger than me Smithereens
0%
For you, I know, I would get messed up, weigh 153 Smithereens
0%
For you, I would get beat to smithereens Smithereens
0%
You know, I'll be in the corner taking notes Smithereens
0%
I got your six while you're working votes Smithereens
0%
You know I had to do one Smithereens
0%
You know I had to do one on the record for you Smithereens
0%
For you, I'd go write a slick song just to show you the world Smithereens
0%
For you, I know they think it's messed up to sell out for your girl Smithereens
0%
Got a bad feeling that I'm about to break Snap Back
0%
Been a good streak, but the pressure's overweight Snap Back
0%
Is it even good, for my head to keep track? Snap Back
0%
If I'm gonna snap necks, then I gotta snap back Snap Back
0%
Running from a thing, that I kicked in '17 Snap Back
0%
Have I burnt all the bridges? Snap Back
0%
Bite the hand that helps me Snap Back
0%
Blacklisted from forgiveness Snap Back
0%
Fool you once, it's been twenty-five times Snap Back
0%
It's a backslide Snap Back
0%
I commandeered a hot ride Snap Back
0%
Drove it 'til the engine died Snap Back
0%
Well, welcome back to the show Snap Back
0%
Guess I better move to a fresher approach Snap Back
0%
It's a new adaptation Snap Back
0%
I have seemed to run out of excuses Snap Back
0%
Of why I am this way Snap Back
0%
I've been praying for my elasticity Snap Back
0%
To return to the way that it was Snap Back
0%
If I'm gonna snap necks, then I gotta snap back Snap Back
0%
I've been praying for my elasticity Snap Back
0%
To return to the way that it was Snap Back
0%
I wish I found some better sounds no one's ever heard Stressed Out
0%
I wish I found some chords in an order that is new Stressed Out
0%
Wish we could turn back time to the good old days Stressed Out
0%
How come I'm never able to identify where it's coming from? Stressed Out
0%
I'd make a candle out of it if I ever found it Stressed Out
0%
Try to sell it, never sell out of it, I'd probably only sell one Stressed Out
0%
It'd be to my brother, 'cause we have the same nose Stressed Out
0%
But it would remind us of when nothing really mattered Stressed Out
0%
Out of student loans and tree house homes, we all would take the latter Stressed Out
0%
Used to play pretend, give each other different names Stressed Out
0%
We would build a rocket ship and then we'd fly it far away Stressed Out
0%
Used to dream of outer space, but now they're laughing at our face Stressed Out
0%
I wanted my soul set free Tally
0%
You and I both know just how the story goes Tally
0%
Or should we cut the line? Tally
0%
You want a tally, I lost the count Tally
0%
You want to love me, I'll let you down Tally
0%
Still now, you believe in me somehow Tally
0%
When I replay it in my mind Tally
0%
I see your heartbreak every time Tally
0%
Still now, you believe in me somehow Tally
0%
I liken our fight to two lightning strikes strike on cue Tally
0%
Like right when a storm hits, sights set Tally
0%
Right set, circumstantial proof Tally
0%
You should go your way, I should try mine Tally
0%
Even though we both know Tally
0%
I wanna fall inside your ghost Taxi Cab
0%
And fill up every hole inside my mind Taxi Cab
0%
And I want everyone to know Taxi Cab
0%
That I am half a soul divided Taxi Cab
0%
Sometimes, we will die Taxi Cab
0%
And sometimes, we will fly away Taxi Cab
0%
Either way, you're by my side Taxi Cab
0%
Until my dyin' days Taxi Cab
0%
And if I'm not there and I'm far away Taxi Cab
0%
I said, "Don't be afraid" Taxi Cab
0%
We're goin' home" Taxi Cab
0%
I wanna strip myself of breath Taxi Cab
0%
A breathless piece of death I've made for you Taxi Cab
0%
A mortal rotting piece of song Taxi Cab
0%
Will help me carry on, but at least you heard Taxi Cab
0%
So the hearse ran out of gas Taxi Cab
0%
And checked his watch and grabbed a cab Taxi Cab
0%
And two men started to unpack Taxi Cab
0%
Driving once again, but now this time, there were three men Taxi Cab
0%
And then I heard one of them say Taxi Cab
0%
"I know the night will turn to gray Taxi Cab
0%
I know the stars will start to fade Taxi Cab
0%
When all the darkness fades away Taxi Cab
0%
We had to steal him from his fate Taxi Cab
0%
So he could see another day" Taxi Cab
0%
And then I cracked open my box Taxi Cab
0%
A little light revealed the spot where my fingernails had fought Taxi Cab
0%
Then I pushed it open more, pushing up against the door Taxi Cab
0%
Then I sat up off the floor Taxi Cab
0%
And found the breath I was searchin' for Taxi Cab
0%
Then one turned around to say Taxi Cab
0%
We're driving toward the morning, son Taxi Cab
0%
Where all your blood is washed away Taxi Cab
0%
Sometimes you gotta bleed to know that you're alive and have a soul Tear in My Heart
0%
But it takes someone to come around to show you how Tear in My Heart
0%
I'm alive Tear in My Heart
0%
I'm on fire Tear in My Heart
0%
Songs on the radio are okay Tear in My Heart
0%
But it takes a song to come around to show you how Tear in My Heart
0%
You fell asleep in my car, I drove the whole time Tear in My Heart
0%
But that's okay, I'll just avoid the holes so you sleep fine Tear in My Heart
0%
I'm driving, here I sit, cursing my government Tear in My Heart
0%
She's a butcher with a smile Tear in My Heart
0%
I check the doors, check the windows and pull the blinds The Contract
0%
And I'm just tryna stay quiet The Contract
0%
I don't sleep much, that's crazy, how'd you know that? The Contract
0%
Keep myself up, that's maybe how you know that The Contract
0%
Ooh, promises and contracts I used to keep The Contract
0%
Ooh, my hallucination I used to see The Contract
0%
Wake up and I find out, did a change up The Contract
0%
Wait, did it change up? The Contract
0%
Is it light out yet? Better find out, bet The Contract
0%
I'ma walk around the edge of the room and the bed The Contract
0%
Where I hide my face, pace around The Contract
0%
Better try to brеathe, pace around, pace around The Contract
0%
I wanna get out there The Contract
0%
But I don't try The Contract
0%
I promised you a contract The Contract
0%
Seems I get in my own way The Craving
0%
Now I see intentions don't mean much The Craving
0%
Say enough, say enough The Craving
0%
Did I let her know, let her know The Craving
0%
If I found my body in chains The Craving
0%
I'd lay down in wait The Craving
0%
And hope she looks for me The Craving
0%
Ride it out to the end of the days The Craving
0%
'Cause it's the fear of the unknown The Craving
0%
And I just hate to put this on her The Craving
0%
But I swear that I will give more than I take away The Craving
0%
Sometimes I feel cold, even paralyzed The Hype
0%
My interior world needs to sanitize The Hype
0%
I've got to step through or I'll dissipate The Hype
0%
I'll record my step through for my basement tapes The Hype
0%
Nice to know my kind will be on my side The Hype
0%
And you know you're a terrible sight The Hype
0%
But you'll be just fine The Hype
0%
Just don't believe the hype The Hype
0%
Yeah, they might be talking behind your head The Hype
0%
Your exterior world can step off instead The Hype
0%
It might take some friends and a warmer shirt The Hype
0%
But you don't get thick skin without getting burnt The Hype
0%
No, I don't know which way I'm going The Hype
0%
But I can hear my way around The Hype
0%
When the leader of the bad guys sang The Judge
0%
Something soft and soaked in pain The Judge
0%
I heard the echo from his secret hideaway The Judge
0%
He must've forgot to close his door The Judge
0%
As he cranked out those dismal chords The Judge
0%
And his four walls declared him insane The Judge
0%
I found my way The Judge
0%
Right time wrong place The Judge
0%
You're the judge, oh no The Judge
0%
Set me free The Judge
0%
I know my soul's freezing The Judge
0%
Hell's hot for good reason The Judge
0%
I can tell cause it's a bit darker The Judge
0%
Than the last night's bout The Judge
0%
I forgot about the drought The Judge
0%
Of light bulbs in this house The Judge
0%
Down a route I think is heading south The Judge
0%
But I'm not good with directions The Judge
0%
I'm a pro at imperfections and I'm best friends with my doubt The Judge
0%
I'm thinking, wow The Judge
0%
I probably should've stayed inside my house The Judge
0%
I don't know if this song is a surrender or a revel The Judge
0%
My body's on the line now The Line
0%
I can't fight this time now The Line
0%
Will they still let me over The Line
0%
If I cross the line? The Line
0%
Take a seat The Line
0%
But I'd rather you not be here for The Line
0%
What could be my final form The Line
0%
Stay your pretty eyes on course The Line
0%
Keep the memories of who I was before The Line
0%
Honestly The Line
0%
I thought I was fully prepared for The Line
0%
The threshold in store The Line
0%
I guess I never really faced my fears before The Line
0%
Please don't let them see me The Line
0%
Sure there's nothing left to try The Line
0%
I'm already bored The Outside
0%
I'm pretty sure I've seen this one before The Outside
0%
I've got a long drive, I'll tape my eyes The Outside
0%
So I don't fall asleep again The Outside
0%
Singing out The Outside
0%
Up and down The Outside
0%
They're nodding The Outside
0%
You got it The Outside
0%
Everybody stand in line The Outside
0%
Swimming like a beast The Outside
0%
Underneath they be clinging on The Outside
0%
Then the little cogs got together, start a renaissance The Outside
0%
Switched it up on me, fuel efficiency The Outside
0%
You can pay the cover charge, I'm in the street The Outside
0%
Little do they know that they can't touch me The Outside
0%
I'm vibin' The Outside
0%
They said he had lost his mind The Pantaloon
0%
You have learned way too soon The Pantaloon
0%
You should never trust the Pantaloon The Pantaloon
0%
Find a wife and build yourself a home The Pantaloon
0%
You are tired, you are hurt The Pantaloon
0%
A moth ate through your favorite shirt The Pantaloon
0%
Lose your mind The Pantaloon
0%
He's seen too many stare downs The Pantaloon
0%
In the morning air, how The Pantaloon
0%
He used to hustle all the people The Pantaloon
0%
Walking through the fairgrounds The Pantaloon
0%
He's been around so long The Pantaloon
0%
He's changed his meaning of a chair now The Pantaloon
0%
Because a chair now The Pantaloon
0%
Is like a tiny island in the sea of all the people The Pantaloon
0%
Who glide across the very surface The Pantaloon
0%
That made his bones feeble The Pantaloon
0%
The end can't come soon enough The Pantaloon
0%
But is it too soon? The Pantaloon
0%
It's colder than you know The Pantaloon
0%
'Cause your skin is so used to colder bones The Pantaloon
0%
It's warmer in the morning than what it is at night The Pantaloon
0%
Your bones are held together The Pantaloon
0%
I can't take them on my own The Run and Go
0%
I have killed a man and all I know is The Run and Go
0%
I am on the run and go The Run and Go
0%
Don't wanna call you in the nighttime The Run and Go
0%
Don't wanna give you all my pieces The Run and Go
0%
Don't wanna hand you all my trouble The Run and Go
0%
Don't wanna give you all my demons The Run and Go
0%
You'll have to watch me struggle The Run and Go
0%
From several rooms away The Run and Go
0%
But tonight, I'll need you to stay The Run and Go
0%
I am up against the wall The Run and Go
0%
Cold nights under siege from accusations The Run and Go
0%
He wakes up early today Trapdoor
0%
Nobody knows his real name Trapdoor
0%
But now he just uses one he saw on a grave Trapdoor
0%
And he pretends he's okay, but you should see, oh Trapdoor
0%
Him in bed late at night, he's petrified Trapdoor
0%
Take me out, and finish this waste of a life Trapdoor
0%
Watch as this man disappears as we know Trapdoor
0%
Do me a favor and try to ignore Trapdoor
0%
He thinks that faith might be dead Trapdoor
0%
'Cause nobody knows he's alive Trapdoor
0%
I know where you stand Trees
0%
Silent in the trees Trees
0%
And that's where I am Trees
0%
Why won't You speak Trees
0%
Standing cowardly Trees
0%
I can feel my death Trees
0%
I want to know You Trees
0%
I want to see Trees
0%
I want to say Trees
0%
Hello Trees
0%
The sun will rise and we will try again Truce
0%
Stay alive Truce
0%
But now your life is free Truce
0%
I hope I'm not my only friend Truce
0%
Not sure when it started Vignette
0%
Peeling from his bones Vignette
0%
Piece it back together all alone Vignette
0%
Hope it held together long enough for he Vignette
0%
To pitch the greener grasses and hope that she would agree Vignette
0%
Fresh off a binger in the woods, flesh covered in bites Vignette
0%
Testing what is real, what is good, man Vignette
0%
It's been a long night Vignette
0%
It's a tribute to zombies Vignette
0%
Of which I've become Vignette
0%
Where do I go from here? Vignette
0%
Clinging to promises Vignette
0%
Fighting off the vignette Vignette
0%
Swallowed by the vignette Vignette
0%
He's thinking, "There's no way I'm headed there" Vignette
0%
Always sure footed, educated and was never scared Vignette
0%
Fresh off a binger in the woods, flesh covered in bites Vignette
0%
No, not me, it's for a friend Vignette
0%
Because it's what we want to see We Don't Believe What's on TV
0%
We have all learned to kill our dreams We Don't Believe What's on TV
0%
I don't care what's in your hair We Don't Believe What's on TV
0%
I just wanna know what's on your mind We Don't Believe What's on TV
0%
I used to say, "I wanna die before I'm old" We Don't Believe What's on TV
0%
But because of you, I might think twice We Don't Believe What's on TV
0%
(Alright, second verse) We Don't Believe What's on TV
0%
What if my dream does not happen? We Don't Believe What's on TV
0%
Would I just change what I've told my friends? We Don't Believe What's on TV
0%
When I wake up from a dreamer's sleep We Don't Believe What's on TV
0%
(Yeah, yeah, yeah) We Don't Believe What's on TV
0%
No matching quizzes found
Score Distribution
Percent of People with Each Score
Percentile by Number Answered
Your Score History
You have not taken this quiz since the last reset